{"text_format":"1","workbook":"xlsx","n_sheets":11,"sheets":["様式１","様式2-1～2-4","様式２－５","様式２－６","様式２－７","様式２－８","様式3-1～3-4","様式２－９","様式４","様式５－１","様式５－２"],"not_rendered":{"charts":0,"images":67,"macros":1,"external_links":0,"defined_names":14,"comments":0,"pivot_tables":0},"unopened":[],"bounds":{"document_bytes":16777216,"sheet_cells":100000,"rows_first":2000,"rows_last":500,"rows_between":2000,"halvings":0,"cell_chars":16384,"cell_head_chars":4096},"cells_cut":0,"cells_raw":0,"read":"whole","date_system":"1900"}

{"sheet":"様式１","index":0,"n_rows":133,"n_cols":30,"rows_kept":133,"cut":false,"hidden":false,"merged":[[68,54,68,65],[69,9,69,22],[15,21,15,22],[50,21,50,22],[21,9,22,21],[56,9,57,22],[57,54,57,65],[58,9,58,22],[59,9,59,22],[60,9,60,22],[61,9,61,22],[62,54,62,65],[64,9,65,22],[25,9,25,19],[28,9,28,19],[24,9,24,19],[27,9,27,19],[66,9,66,22],[67,9,67,22],[68,9,68,22],[52,2,52,11],[53,4,53,23],[40,3,42,24],[2,19,2,25],[18,2,18,11],[32,18,32,29],[33,18,33,29],[19,4,19,23],[12,58,12,69],[14,58,14,69],[15,58,15,69],[4,3,6,24],[149,9,149,13],[80,14,80,24],[81,14,81,24],[82,14,82,24],[83,14,83,24],[84,14,84,24],[85,14,85,24],[86,14,86,24],[140,14,140,24],[141,14,141,24],[142,14,142,24],[143,14,143,24],[144,14,144,24],[145,14,145,24],[146,14,146,24],[143,9,143,13],[144,9,144,13],[145,9,145,13],[146,9,146,13],[147,9,147,13],[85,9,85,13],[140,9,140,13],[141,9,141,13],[142,9,142,13],[146,4,146,8],[147,4,147,8],[148,4,148,8],[149,4,149,8],[76,4,76,8],[147,14,147,24],[148,14,148,24],[149,14,149,24],[80,4,80,8],[81,4,81,8],[82,4,82,8],[83,4,83,8],[84,4,84,8],[85,4,85,8],[86,4,86,8],[140,4,140,8],[141,4,141,8],[142,4,142,8],[143,4,143,8],[144,4,144,8],[145,4,145,8],[148,9,148,13],[102,14,102,24],[98,9,98,13],[145,39,145,43],[139,4,139,8],[139,14,139,24],[103,4,103,8],[103,14,103,24],[105,4,105,22],[107,4,107,8],[90,4,90,22],[92,4,92,8],[92,9,92,24],[94,4,94,8],[94,9,94,13],[94,14,94,24],[95,4,95,8],[95,9,95,13],[95,14,95,24],[96,4,96,8],[96,9,96,13],[96,14,96,24],[97,4,97,8],[97,9,97,13],[97,14,97,24],[98,4,98,8],[102,4,102,8],[98,14,98,24],[99,4,99,8],[99,9,99,13],[99,14,99,24],[100,4,100,8],[100,9,100,13],[100,14,100,24],[101,4,101,8],[101,9,101,13],[101,14,101,24],[80,9,80,13],[81,9,81,13],[82,9,82,13],[83,9,83,13],[84,9,84,13],[74,4,74,22],[78,4,78,8],[78,9,78,13],[78,14,78,24],[79,4,79,8],[79,9,79,13],[79,14,79,24],[76,9,76,24]]}
[null,"様式１－１",null,null,null,null,null,null,null,null,null,null,null,null,null,null,null,null,null,null,null,null,null,null,null,null,null,null,null,"申請年度"]
[null,null,null,null,null,null,null,null,null,null,null,null,null,null,null,null,null,null,null,null,null,null,null,null,null,null,null,null,null,"４"]
[]
[]
[null,null,null,{"$f":"\"令和\"&AD2&\"年度きょうとこどもの城づくり事業（ひとり親家庭のこどもの居場所づくり事業）実施に係る運営業務企画参加申込書\"","v":"令和４年度きょうとこどもの城づくり事業（ひとり親家庭のこどもの居場所づくり事業）実施に係る運営業務企画参加申込書"}]
[]
[]
[]
[]
[null,null,null,{"$f":"\"　令和\"&AD2&\"年度きょうとこどもの城づくり事業（ひとり親家庭のこどもの居場所づくり事業）\"","v":"　令和４年度きょうとこどもの城づくり事業（ひとり親家庭のこどもの居場所づくり事業）"}]
[null,null,null,"実施に係る運営業務に係るプロポーザルへの参加を表明し、提案書を提出します。"]
[null,null,null,"　なお、提出書類の全ての記載事項は、事実と相違ないことを誓約します。"]
[]
[]
[]
[null,null,null,null,null,null,null,null,null,null,null,null,null,null,null,null,{"$f":"\"令和\"&AD2&\"年\"","v":"令和４年"},null,null,null,"月",null,null,"日"]
[]
[]
[null,null,"　京都府知事　西　脇　隆　俊　様"]
[]
[]
[null,null,null,null," 主たる 事務所 の"]
[null,null,null,null,"住所又は所在地"]
[]
[null,null,null,null,"ふ　　　り　　　が　　　な"]
[null,null,null,null,"団 　　　体　　 　名",null,null,null,null,null,null,null,null,null,null,null,null,null,null,null,"印"]
[]
[null,null,null,null,"ふ　　　り　　　が　　　な"]
[null,null,null,null,"代表者の職・氏名",null,null,null,null,null,null,null,null,null,null,null,null,null,null,null,"㊞"]
[]
[]
[]
[]
[]
[]
[]
[]
[null,"様式１－２"]
[]
[]
[null,null,null,{"$f":"\"令和\"&AD2&\"年度きょうとこどもの城づくり事業（ひとり親家庭のこどもの居場所づくり事業）実施に係る運営業務企画参加申込書\"","v":"令和４年度きょうとこどもの城づくり事業（ひとり親家庭のこどもの居場所づくり事業）実施に係る運営業務企画参加申込書"}]
[]
[]
[]
[null,null,null,{"$f":"\"　令和\"&AD2&\"年度きょうとこどもの城づくり事業（ひとり親家庭のこどもの居場所づくり事業）\"","v":"　令和４年度きょうとこどもの城づくり事業（ひとり親家庭のこどもの居場所づくり事業）"}]
[null,null,null,"実施に係る運営業務に係るプロポーザルへの参加を表明し、提案書を提出します。"]
[null,null,null,"　なお、提出書類の全ての記載事項は、事実と相違ないことを誓約します。"]
[]
[]
[]
[null,null,null,null,null,null,null,null,null,null,null,null,null,null,null,null,"令和４年",null,null,null,"月",null,null,"日"]
[]
[null,null,"　京都府知事　西　脇　隆　俊　様"]
[]
[null,null,{"$f":"\"令和\"&AD2&\"年度きょうとこどもの城づくり事業（ひとり親家庭のこどもの居場所づくり事業）共同事業体（仮称）\"","v":"令和４年度きょうとこどもの城づくり事業（ひとり親家庭のこどもの居場所づくり事業）共同事業体（仮称）"}]
[null,null,"（代表となる団体）"]
[null,null,"　 主たる 事務所 の"]
[null,null,"　住所又は所在地"]
[null,null,"　ふ　　　り　　　が　　　な"]
[null,null,"　団 　　　体　　 　名",null,null,null,null,null,null,null,null,null,null,null,null,null,null,null,null,null,null,null,null,"印"]
[null,null,"　ふ　　　り　　　が　　　な"]
[null,null,"　代表者の職・氏名",null,null,null,null,null,null,null,null,null,null,null,null,null,null,null,null,null,null,null,null,"㊞"]
[]
[null,null,"（構成団体）"]
[null,null,"　 主たる 事務所 の"]
[null,null,"　住所又は所在地"]
[null,null,"　ふ　　　り　　　が　　　な"]
[null,null,"　団 　　　体　　 　名",null,null,null,null,null,null,null,null,null,null,null,null,null,null,null,null,null,null,null,null,"印"]
[null,null,"　ふ　　　り　　　が　　　な"]
[null,null,"　代表者の職・氏名",null,null,null,null,null,null,null,null,null,null,null,null,null,null,null,null,null,null,null,null,"㊞"]
[]
[]
[]
[null,"様式１－３"]
[null,null,null,null,"事業者構成員表"]
[]
[null,null,null,null,"グループ名"]
[]
[null,null,null,null,"役職",null,null,null,null,"氏名",null,null,null,null,"経歴"]
[null,null,null,null,"コーディネーター"]
[null,null,null,null,"管理者"]
[null,null,null,null,"支援員"]
[null,null,null,null,"支援員"]
[null,null,null,null,"支援員"]
[null,null,null,null,"支援員"]
[null,null,null,null,"支援員"]
[]
[]
[]
[null,"様式１－３（追加様式）"]
[null,null,null,null,"事業者構成員表"]
[]
[null,null,null,null,"グループ名\n（自動入力）",null,null,null,null,{"$f":"IF(J77=\"\",\"\",J77)","v":""}]
[]
[null,null,null,null,"役職",null,null,null,null,"氏名",null,null,null,null,"経歴"]
[null,null,null,null,"支援員"]
[null,null,null,null,"支援員"]
[null,null,null,null,"支援員"]
[null,null,null,null,"支援員"]
[null,null,null,null,"支援員"]
[null,null,null,null,"支援員"]
[null,null,null,null,"支援員"]
[]
[]
[null,"（様式１－４）"]
[null,null,null,null,"グループ構成員表"]
[]
[null,null,null,null,"グループ名"]
[]
[null,null,null,null,null,null,"（代表となる団体）"]
[null,null,null,null,null,null,null,null,"主たる事務所の所在地"]
[]
[null,null,null,null,null,null,null,null,"団体の名称"]
[]
[null,null,null,null,null,null,null,null,"代表者の氏名",null,null,null,null,null,null,null,null,null,null,null,null,null,null,"㊞"]
[]
[null,null,null,null,null,null,"（構成員）"]
[null,null,null,null,null,null,null,null,"主たる事務所の所在地"]
[]
[null,null,null,null,null,null,null,null,"団体の名称"]
[]
[null,null,null,null,null,null,null,null,"代表者の氏名",null,null,null,null,null,null,null,null,null,null,null,null,null,null,"㊞"]
[]
[null,null,null,null,null,null,null,null,"連絡先"]
[]
[null,null,null,null,null,null,"（構成員）"]
[null,null,null,null,null,null,null,null,"主たる事務所の所在地"]
[]
[null,null,null,null,null,null,null,null,"団体の名称"]
[]
[null,null,null,null,null,null,null,null,"代表者の氏名",null,null,null,null,null,null,null,null,null,null,null,null,null,null,"㊞"]
[]
[null,null,null,null,null,null,null,null,"連絡先"]

{"sheet":"様式2-1～2-4","index":1,"n_rows":320,"n_cols":37,"rows_kept":320,"cut":false,"hidden":false,"merged":[[69,1,79,1],[79,14,79,16],[79,17,79,21],[4,3,6,24],[8,24,8,25],[17,13,17,14],[20,7,20,11],[20,21,20,23],[33,3,35,24],[47,12,47,26],[69,2,69,4],[69,5,69,13],[69,14,69,16],[69,17,69,26],[70,2,71,4],[70,5,71,13],[70,14,71,16],[70,17,70,18],[70,21,70,22],[71,17,71,20],[71,21,71,26],[72,2,74,4],[72,6,72,13],[72,14,72,16],[49,47,49,53],[52,13,52,14],[38,7,38,26],[55,7,55,11],[55,21,55,23],[67,1,67,26],[37,24,37,25],[40,12,40,26],[41,12,41,26],[42,12,42,26],[45,12,45,26],[46,12,46,26],[72,17,72,26],[73,5,74,13],[73,14,74,16],[73,17,74,26],[77,2,78,4],[77,5,78,13],[77,14,78,16],[77,17,77,22],[77,23,77,26],[78,17,78,21],[78,24,78,26],[75,2,75,4],[75,5,75,13],[75,14,75,16],[75,17,75,26],[76,2,76,4],[76,5,76,26],[88,5,88,11],[88,12,88,26],[79,2,79,4],[79,5,79,9],[79,10,79,11],[79,12,79,13],[79,24,79,26],[79,22,79,23],[89,5,89,11],[89,12,89,26],[90,2,95,4],[90,5,95,9],[90,10,95,26],[80,1,101,1],[80,2,84,4],[80,5,84,26],[85,2,89,4],[85,5,85,11],[85,12,85,26],[86,5,86,11],[86,12,86,26],[87,5,87,11],[87,12,87,26],[96,2,101,2],[96,3,96,4],[96,5,96,10],[96,11,96,21],[96,22,96,26],[97,3,97,4],[97,5,97,10],[97,11,97,21],[97,22,97,26],[98,3,98,4],[100,3,100,4],[100,5,100,10],[100,11,100,21],[100,22,100,26],[101,3,101,4],[101,5,101,10],[101,11,101,21],[101,22,101,26],[98,5,98,10],[98,11,98,21],[98,22,98,26],[99,3,99,4],[99,5,99,10],[99,11,99,21],[99,22,99,26],[104,1,104,26],[105,1,105,4],[105,5,105,26],[106,1,106,4],[106,5,106,18],[107,1,107,4],[107,9,107,10],[107,12,107,13],[107,19,107,20],[107,22,107,23],[111,5,111,13],[111,19,111,26],[112,5,112,13],[112,19,112,26],[113,5,113,13],[113,19,113,26],[108,1,108,4],[108,5,108,13],[108,14,108,18],[108,19,108,26],[109,1,114,4],[109,5,109,13],[109,14,114,18],[109,19,109,26],[110,5,110,13],[110,19,110,26],[116,1,118,4],[116,5,118,6],[116,7,118,11],[116,12,118,26],[119,1,125,4],[119,5,123,26],[114,5,114,13],[114,19,114,26],[115,1,115,4],[115,5,115,6],[115,7,115,12],[115,14,115,18],[115,19,115,25],[123,33,123,36],[124,5,125,9],[124,10,125,26],[124,33,124,36],[125,33,125,36],[126,1,129,4],[126,5,126,26],[126,33,126,36],[127,5,129,26],[130,1,130,4],[130,5,130,26],[131,1,136,4],[131,5,131,11],[131,12,131,13],[131,14,131,20],[131,21,131,22],[131,23,131,26],[132,5,132,11],[132,12,132,13],[134,21,134,22],[135,5,135,11],[135,12,135,13],[135,14,135,20],[135,21,135,22],[136,5,136,11],[136,12,136,13],[132,14,132,20],[132,21,132,22],[133,5,133,11],[133,12,133,13],[133,14,133,20],[133,21,133,22],[134,5,134,11],[134,12,134,13],[134,14,134,20],[144,31,144,36],[145,3,145,7],[145,8,145,25],[146,3,146,7],[146,8,146,25],[140,18,140,20],[140,21,140,26],[142,2,142,6],[142,7,142,8],[142,9,142,14],[142,15,142,20],[142,21,142,22],[142,23,142,25],[137,1,138,4],[137,5,137,26],[137,33,137,36],[138,5,138,26],[132,23,136,26],[136,14,136,20],[136,21,136,22],[147,3,147,7],[147,8,147,25],[148,2,153,2],[148,3,148,6],[148,7,148,11],[148,12,148,25],[149,3,149,6],[149,7,149,11],[149,12,149,25],[150,3,150,6],[143,2,147,2],[143,3,143,7],[143,8,143,25],[144,3,144,7],[144,8,144,25],[158,2,158,6],[158,7,158,8],[158,9,158,14],[158,15,158,20],[158,21,158,22],[158,23,158,25],[150,7,150,11],[150,12,150,25],[151,3,153,6],[151,7,151,11],[151,12,151,25],[152,7,152,11],[152,12,152,25],[153,7,153,11],[153,12,153,25],[165,12,165,25],[159,2,162,2],[159,3,159,7],[159,8,159,25],[160,3,160,7],[160,8,160,25],[160,31,160,36],[161,3,161,7],[161,8,161,25],[162,3,162,7],[162,8,162,25],[173,18,173,20],[173,21,173,26],[175,2,175,6],[175,7,175,8],[175,9,175,14],[175,15,175,20],[175,21,175,22],[175,23,175,25],[166,3,168,6],[166,7,166,11],[166,12,166,25],[167,7,167,11],[167,12,167,25],[168,7,168,11],[168,12,168,25],[163,2,168,2],[163,3,163,6],[163,7,163,11],[163,12,163,25],[164,3,164,6],[164,7,164,11],[164,12,164,25],[165,3,165,6],[165,7,165,11],[180,39,180,42],[181,3,181,6],[181,7,181,11],[181,12,181,25],[181,39,181,42],[182,3,182,6],[176,2,179,2],[176,3,176,7],[176,8,176,25],[177,3,177,7],[177,8,177,25],[177,31,177,36],[178,3,178,7],[178,8,178,25],[179,3,179,7],[179,8,179,25],[188,2,188,6],[188,7,188,8],[188,9,188,14],[188,15,188,20],[188,21,188,22],[188,23,188,25],[182,7,182,11],[182,12,182,25],[183,3,185,6],[183,7,183,11],[183,12,183,25],[184,7,184,11],[184,12,184,25],[185,7,185,11],[185,12,185,25],[180,2,185,2],[180,3,180,6],[180,7,180,11],[180,12,180,25],[192,8,192,25],[192,36,192,39],[193,2,198,2],[193,3,193,6],[193,7,193,11],[193,12,193,25],[193,36,193,39],[194,3,194,6],[194,7,194,11],[194,12,194,25],[189,2,192,2],[189,3,189,7],[189,8,189,25],[190,3,190,7],[190,8,190,25],[190,31,190,36],[191,3,191,7],[191,8,191,25],[191,36,191,39],[192,3,192,7],[195,3,195,6],[195,7,195,11],[195,12,195,25],[196,3,198,6],[196,7,196,11],[196,12,196,25],[197,7,197,11],[197,12,197,25],[198,7,198,11],[198,12,198,25],[206,2,206,6],[206,7,206,8],[206,9,206,14],[206,15,206,20],[206,21,206,22],[206,23,206,25],[199,2,200,2],[199,3,199,6],[199,7,199,25],[200,3,200,6],[200,7,200,25],[204,18,204,20],[204,21,204,26],[211,31,211,36],[213,31,213,36],[214,2,214,6],[214,7,214,8],[214,9,214,25],[207,2,210,2],[207,3,207,7],[207,8,207,25],[208,3,208,7],[208,8,208,25],[209,3,209,7],[209,8,209,25],[210,3,210,7],[210,8,210,25],[215,2,216,8],[215,9,216,25],[217,2,218,8],[217,9,218,25],[220,2,220,6],[220,7,220,8],[220,9,220,25],[211,2,211,7],[211,8,211,25],[221,2,222,8],[221,9,222,25],[226,18,226,20],[226,21,226,26],[228,2,228,6],[228,7,228,8],[228,9,228,14],[228,15,228,20],[228,21,228,22],[228,23,228,25],[229,2,230,2],[229,3,229,7],[229,8,229,25],[230,3,230,7],[230,8,230,25],[231,2,236,2],[231,3,231,6],[231,7,231,11],[231,12,231,25],[234,3,236,6],[234,7,234,11],[234,12,234,25],[235,7,235,11],[235,12,235,25],[236,7,236,11],[236,12,236,25],[231,39,231,42],[232,3,232,6],[232,7,232,11],[232,12,232,25],[232,39,232,42],[233,3,233,6],[233,7,233,11],[233,12,233,25],[241,23,241,25],[237,2,238,2],[237,3,237,6],[237,7,237,25],[238,3,238,6],[238,7,238,25],[241,2,241,6],[241,7,241,8],[241,9,241,14],[241,15,241,20],[241,21,241,22],[243,36,243,39],[244,2,249,2],[244,3,244,6],[244,7,244,11],[244,12,244,25],[244,36,244,39],[245,3,245,6],[245,7,245,11],[245,12,245,25],[246,3,246,6],[242,2,243,2],[242,3,242,7],[242,8,242,25],[243,3,243,7],[243,8,243,25],[250,2,251,2],[250,3,250,6],[250,7,250,25],[251,3,251,6],[251,7,251,25],[272,18,272,20],[272,21,272,26],[246,7,246,11],[246,12,246,25],[247,3,249,6],[247,7,247,11],[247,12,247,25],[248,7,248,11],[248,12,248,25],[249,7,249,11],[249,12,249,25],[255,18,255,20],[255,21,255,26],[257,2,257,6],[257,7,257,8],[257,9,257,14],[257,15,257,20],[257,21,257,22],[257,23,257,25],[274,2,274,4],[274,5,274,11],[274,12,274,14],[274,15,274,25],[275,2,275,11],[275,12,278,14],[275,15,275,25],[276,2,276,11],[276,15,276,25],[277,2,277,11],[277,15,277,25],[278,2,278,11],[278,15,278,25],[279,2,279,11],[279,12,282,14],[279,15,279,25],[280,2,280,11],[280,15,280,25],[281,2,281,11],[281,15,281,25],[282,2,282,11],[282,15,282,25],[283,2,283,11],[283,12,286,14],[283,15,283,25],[284,2,284,11],[284,15,284,25],[285,2,285,11],[285,15,285,25],[286,2,286,11],[286,15,286,25],[287,2,287,11],[287,12,290,14],[287,15,287,25],[288,2,288,11],[288,15,288,25],[289,2,289,11],[289,15,289,25],[290,2,290,11],[290,15,290,25],[291,2,291,11],[291,12,294,14],[291,15,291,25],[292,2,292,11],[292,15,292,25],[293,2,293,11],[293,15,293,25],[294,2,294,11],[294,15,294,25],[295,2,295,11],[295,12,298,14],[295,15,295,25],[296,2,296,11],[296,15,296,25],[297,2,297,11],[297,15,297,25],[298,2,298,11],[298,15,298,25],[299,2,299,11],[299,12,302,14],[299,15,299,25],[300,2,300,11],[300,15,300,25],[301,2,301,11],[301,15,301,25],[302,2,302,11],[302,15,302,25],[303,2,303,11],[303,12,306,14],[303,15,303,25],[304,2,304,11],[304,15,304,25],[305,2,305,11],[305,15,305,25],[306,2,306,11],[306,15,306,25],[311,12,314,14],[311,15,311,25],[312,2,312,11],[312,15,312,25],[313,2,313,11],[313,15,313,25],[314,2,314,11],[314,15,314,25],[307,2,307,11],[307,12,310,14],[307,15,307,25],[308,2,308,11],[308,15,308,25],[309,2,309,11],[309,15,309,25],[310,2,310,11],[310,15,310,25],[259,8,259,25],[260,2,265,2],[260,3,260,6],[260,7,260,11],[260,12,260,25],[319,2,319,11],[319,12,322,14],[319,15,319,25],[320,2,320,11],[320,15,320,25],[321,2,321,11],[321,15,321,25],[322,2,322,11],[322,15,322,25],[315,2,315,11],[315,12,318,14],[315,15,315,25],[316,2,316,11],[316,15,316,25],[317,2,317,11],[317,15,317,25],[318,2,318,11],[318,15,318,25],[311,2,311,11],[258,2,259,2],[266,2,267,2],[266,3,266,6],[266,7,266,25],[267,3,267,6],[267,7,267,25],[260,39,260,42],[261,3,261,6],[261,7,261,11],[261,12,261,25],[261,39,261,42],[262,3,262,6],[262,7,262,11],[262,12,262,25],[263,3,265,6],[263,7,263,11],[263,12,263,25],[264,7,264,11],[264,12,264,25],[265,7,265,11],[265,12,265,25],[258,3,258,7],[258,8,258,25],[259,3,259,7]]}
[null,"様式２－１"]
[]
[]
[]
[null,null,null,{"$f":"\"令和\"&様式１!AD2&\"年度きょうとこどもの城づくり事業（ひとり親家庭のこどもの居場所づくり事業）実施に係る運営業務企画提案書\"","v":"令和４年度きょうとこどもの城づくり事業（ひとり親家庭のこどもの居場所づくり事業）実施に係る運営業務企画提案書"}]
[]
[]
[]
[null,null,null,null,null,null,null,null,null,null,null,null,null,null,null,null,null,null,null,{"$f":"\"令和\"&様式１!AD2&\"年\"","v":"令和４年"},null,null,{"$f":"IF(様式１!$T$16=\"\",\"\",様式１!$T$16)","v":""},"月",{"$f":"IF(様式１!$V$16=\"\",\"\",様式１!$V$16)","v":""},null,"日"]
[null,null,null,null,null,null,null,null,null,null,null,null,"（提案者）"]
[null,null,null,null,null,null,null,null,null,null,null,null,"住所又は所在地",null,null,null,null,{"$f":"IF(様式１!$J$22=\"\",\"\",様式１!$J$22)","v":""}]
[null,null,null,null,null,null,null,null,null,null,null,null,"団 　　　体　　 　名",null,null,null,null,{"$f":"IF(様式１!$J$26=\"\",\"\",様式１!$J$26)","v":""}]
[null,null,null,null,null,null,null,null,null,null,null,null,"代表者の職・氏名",null,null,null,null,{"$f":"IF(様式１!$J$29=\"\",\"\",様式１!$J$29)","v":""}]
[]
[null,null,{"$f":"\"　　令和\"&様式１!AD2&\"年度きょうとこどもの城づくり事業（ひとり親家庭のこどもの居場所づくり事業）実施に係る\"","v":"　　令和４年度きょうとこどもの城づくり事業（ひとり親家庭のこどもの居場所づくり事業）実施に係る"}]
[null,null,"運営業務の委託を受けたいので、下記のとおり、提案します。"]
[]
[null,null,null,null,null,null,null,null,null,null,null,null,null,"記"]
[]
[null,"　１　受託希望金額",null,null,null,null,null,"※見積書を添付してください。"]
[null,null,null,null,null,null,null,null,null,null,null,null,"円","（うち消費税及び地方消費税相当額　　　　　　　　　　円）",null,null,null,null,null,null,null,{"$f":"IF(H21=\"\",\"\",H21-(H21/1.1))","v":""},null,null,"円）"]
[]
[]
[null,2,"申込業務内容",null,null,null,null,"※提案する事業にチェックを入れてください。"]
[]
[null,null,"　　"]
[]
[]
[]
[]
[]
[]
[null,"様式２－２"]
[null,null,null,{"$f":"\"令和\"&様式１!AD2&\"年度きょうとこどもの城づくり事業（ひとり親家庭のこどもの居場所づくり事業）実施に係る運営業務企画提案書\"","v":"令和４年度きょうとこどもの城づくり事業（ひとり親家庭のこどもの居場所づくり事業）実施に係る運営業務企画提案書"}]
[]
[]
[]
[null,null,null,null,null,null,null,null,null,null,null,null,null,null,null,null,null,null,null,{"$f":"\"令和\"&様式１!AD2&\"年\"","v":"令和４年"},null,null,{"$f":"IF(様式１!$T$51=\"\",\"\",様式１!$T$51)","v":""},"月",{"$f":"IF(様式１!$V$51=\"\",\"\",様式１!$V$51)","v":""},null,"日"]
[null,null,null,null,null,null,null,{"$f":"\"令和\"&様式１!AD2&\"年度きょうとこどもの城づくり事業（ひとり親家庭のこどもの居場所づくり事業）共同事業体（仮称）\"","v":"令和４年度きょうとこどもの城づくり事業（ひとり親家庭のこどもの居場所づくり事業）共同事業体（仮称）"}]
[null,null,null,null,null,null,null,"（代表団体）"]
[null,null,null,null,null,null,null,"　住所又は所在地",null,null,null,null,{"$f":"IF(様式１!$J$57=\"\",\"\",様式１!$J$57)","v":""}]
[null,null,null,null,null,null,null,"　団　体　名　",null,null,null,null,{"$f":"IF(様式１!$J$60=\"\",\"\",様式１!$J$60)","v":""}]
[null,null,null,null,null,null,null,"　代表者の職・氏名",null,null,null,null,{"$f":"IF(様式１!$J$62=\"\",\"\",様式１!$J$62)","v":""}]
[]
[null,null,null,null,null,null,null,"（構成団体）"]
[null,null,null,null,null,null,null,"　住所又は所在地",null,null,null,null,{"$f":"IF(様式１!$J$65=\"\",\"\",様式１!$J$65)","v":""}]
[null,null,null,null,null,null,null,"　団　体　名　",null,null,null,null,{"$f":"IF(様式１!$J$68=\"\",\"\",様式１!$J$68)","v":""}]
[null,null,null,null,null,null,null,"　代表者の職・氏名",null,null,null,null,{"$f":"IF(様式１!$J$70=\"\",\"\",様式１!$J$70)","v":""}]
[]
[null,null,{"$f":"\"　　令和\"&様式１!AD2&\"年度きょうとこどもの城づくり事業（ひとり親家庭のこどもの居場所づくり事業）実施に係る\"","v":"　　令和４年度きょうとこどもの城づくり事業（ひとり親家庭のこどもの居場所づくり事業）実施に係る"}]
[null,null,"運営業務の委託を受けたいので、下記のとおり、提案します。"]
[]
[null,null,null,null,null,null,null,null,null,null,null,null,null,"記"]
[]
[null,"　１　受託希望金額",null,null,null,null,null,"※見積書を添付してください。"]
[null,null,null,null,null,null,null,null,null,null,null,null,"円","（うち消費税及び地方消費税相当額　　　　　　　　　　円）",null,null,null,null,null,null,null,{"$f":"IF(H56=\"\",\"\",H56-(H56/1.1))","v":""},null,null,"円）"]
[]
[null,2,"申込業務内容",null,null,null,null,"※提案する事業にチェックを入れてください。"]
[]
[null,null,"　　"]
[]
[]
[]
[]
[]
[]
[null,"様式２－３"]
[null,"法人概況書"]
[null,null,null,null,null,null,null,null,null,null,null,null,null,null,null,null,null,{"$f":"\"令和\"&様式１!AD2&\"年\"","v":"令和４年"},null,null,null,"月",null,"日","現在"]
[null,"申請者","（フリガナ）",null,null,null,null,null,null,null,null,null,null,null,"（フリガナ）"]
[null,null,"法人・\n団体名",null,null,null,null,null,null,null,null,null,null,null,"代表者名",null,null,"役職名",null,null,null,"氏名"]
[]
[null,null,"主たる\n事務所の所在地",null,null,"〒",null,null,null,null,null,null,null,null,"（フリガナ）"]
[null,null,null,null,null,null,null,null,null,null,null,null,null,null,"担当者名"]
[]
[null,null,"電話番号",null,null,null,null,null,null,null,null,null,null,null,"FAX"]
[null,null,"メールアドレス"]
[null,null,"設立年月日",null,null,null,null,null,null,null,null,null,null,null,"職員数",null,null,null,null,null,null,null,null,"　人",null,null,null,null,null,null,null,null,null,null,null,null,"　　"]
[null,null,null,null,null,null,null,null,null,null,null,null,null,null,null,null,null,"（うち常勤",null,null,null,null,null,null,"人）"]
[null,null,"府内に本店がない場合",null,null,"府内の支店、営業所等の有無",null,null,null,null,"あり",null,"なし",null,"左記が「なし」の場合",null,null,"府内在住者の雇用の有無",null,null,null,null,"あり",null,"なし"]
[null,"法人の概況","事業内容\n（定款・規約などで定めいる事業）"]
[]
[]
[]
[]
[null,null,"活動実績",null,null,null,null,null,null,null,null,null,"（時系列・箇条書きで簡潔にご記入ください。）"]
[null,null,null,null,null,"　　年　月　日～　　年　月　日"]
[null,null,null,null,null,"　　年　月　日～　　年　月　日"]
[null,null,null,null,null,"　　年　月　日～　　年　月　日"]
[null,null,null,null,null,"　　年　月　日～　　年　月　日"]
[null,null,"他の団体又は地方公共団体及び公共・公益団体からの委託金、補助金の受領実績",null,null,null,null,null,null,null,"ありの場合は、下欄にご記入ください。\n書ききれない場合は、別紙（任意様式）を作成し、添付してください。"]
[]
[]
[]
[]
[]
[null,null,null,"年度",null,"委託団体の名称",null,null,null,null,null,"委託・補助金の名称",null,null,null,null,null,null,null,null,null,null,"金額（千円）"]
[null,null,null,"H29"]
[null,null,null,"H30"]
[null,null,null,"R1"]
[null,null,null,"R2"]
[null,null,null,"R3"]
[]
[null,"様式２－４"]
[null,{"$f":"\"令和\"&様式１!AD2&\"年度きょうとこどもの城づくり事業（ひとり親家庭のこどもの居場所づくり事業）実施に係る運営業務の委託に関する実施計画書（１）こどもの居場所\"","v":"令和４年度きょうとこどもの城づくり事業（ひとり親家庭のこどもの居場所づくり事業）実施に係る運営業務の委託に関する実施計画書（１）こどもの居場所"}]
[null,"団体名\n（自動入力）",null,null,null,{"$f":"IF(F71=\"\",\"\",F71)","v":""}]
[null,"実施型",null,null,null,null,null,null,null,null,null,null,null,null,null,null,null,null,null,"※プルダウンからお選びください"]
[null,"実施期間",null,null,null,null,{"$f":"\"令和\"&様式１!AD2&\"年\"","v":"令和４年"},null,null,4,null,"月",1,null,"日","～","令和５年",null,null,3,null,"月",31,null,"日"]
[null,"コーディネーター氏名\n（自動入力）",null,null,null,{"$f":"IF(様式１!J80=\"\",\"\",様式１!J80)","v":""},null,null,null,null,null,null,null,null,"管理者氏名\n（自動入力）",null,null,null,null,{"$f":"IF(様式１!J81=\"\",\"\",様式１!J81)","v":""}]
[null,"支援員氏名\n（自動入力）",null,null,null,{"$f":"IF(様式１!J82=\"\",\"\",様式１!J82)","v":""},null,null,null,null,null,null,null,null,"支援員氏名\n（自動入力）",null,null,null,null,{"$f":"IF(様式１!J97=\"\",\"\",様式１!J97)","v":""}]
[null,null,null,null,null,{"$f":"IF(様式１!J83=\"\",\"\",様式１!J83)","v":""},null,null,null,null,null,null,null,null,null,null,null,null,null,{"$f":"IF(様式１!J98=\"\",\"\",様式１!J98)","v":""}]
[null,null,null,null,null,{"$f":"IF(様式１!J84=\"\",\"\",様式１!J84)","v":""},null,null,null,null,null,null,null,null,null,null,null,null,null,{"$f":"IF(様式１!J99=\"\",\"\",様式１!J99)","v":""}]
[null,null,null,null,null,{"$f":"IF(様式１!J85=\"\",\"\",様式１!J85)","v":""},null,null,null,null,null,null,null,null,null,null,null,null,null,{"$f":"IF(様式１!J100=\"\",\"\",様式１!J100)","v":""}]
[null,null,null,null,null,{"$f":"IF(様式１!J86=\"\",\"\",様式１!J86)","v":""},null,null,null,null,null,null,null,null,null,null,null,null,null,{"$f":"IF(様式１!J101=\"\",\"\",様式１!J101)","v":""}]
[null,null,null,null,null,{"$f":"IF(様式１!J96=\"\",\"\",様式１!J96)","v":""},null,null,null,null,null,null,null,null,null,null,null,null,null,{"$f":"IF(様式１!J102=\"\",\"\",様式１!J102)","v":""}]
[null,"参加対象児童数",null,null,null,"のべ",null,null,null,null,null,null,null,"人","実施日数",null,null,null,null,null,null,null,null,null,null,null,"日"]
[null,"事業継続に関する計画及び意向",null,null,null,null,null,"※プルダウンから\nお選びください"]
[]
[]
[null,"連携機関\n※該当する連携機関に✓をつけてください。"]
[]
[]
[]
[]
[null,null,null,null,null,"その他連携機関\n（「その他」にチェックを入れた場合にご記入ください）"]
[]
[null,"実施場所名と\n具体的な住所"]
[]
[]
[]
[null,"実施日",null,null,null,"様式２－４事業実施予定表（１）こどもの居場所　に記入のとおり"]
[null,"事業内容",null,null,null,"事業名",null,null,null,null,null,null,"実施可否",null,"事業名",null,null,null,null,null,null,"実施可否"]
[null,null,null,null,null,"生活支援事業",null,null,null,null,null,null,"必須",null,"交流活動",null,null,null,null,null,null,null,null,"※実施可否を\n　プルダウン\n　からお選び\nください　　"]
[null,null,null,null,null,"学習支援事業",null,null,null,null,null,null,"必須",null,"支援員研修"]
[null,null,null,null,null,"相談支援事業",null,null,null,null,null,null,"必須",null,"地域連携"]
[null,null,null,null,null,"【特別事業】宿泊体験型",null,null,null,null,null,null,null,null,"その他事業"]
[null,null,null,null,null,"【特別事業】朝食提供型",null,null,null,null,null,null,null,null,"【特別事業】送迎型"]
[null,"感染症拡大防止に係る対策",null,null,null,"（参加者の安全対策の概要）"]
[null,null,null,null,null,"（スタッフ等の健康管理の概要）"]
[]
[null,null,null,null,null,null,null,null,null,null,null,null,null,null,null,null,null,null,"団体名",null,null,{"$f":"IF(F71=\"\",\"\",F71)","v":""}]
[null,"＜事業内容詳細＞"]
[null,null,"生活支援事業",null,null,null,null,"必須",null,"１回あたりの実施時間",null,null,null,null,null,null,null,null,null,null,null,"時間"]
[null,null,"支\n援\n内\n容",null,null,null,null,null,"チェックをつけた支援内容について、具体的な支援の詳細を記入してください"]
[]
[]
[]
[]
[null,null,"支\n援\n体\n制",null,null,null,null,"氏名",null,null,null,null,"生活支援事業においてどのように支援を行うのか"]
[null,null,null,"コーディネーター\n（自動入力）",null,null,null,{"$f":"F109","v":""}]
[null,null,null,"管理者\n（自動入力）",null,null,null,{"$f":"T109","v":""}]
[null,null,null,"支援員"]
[]
[]
[]
[]
[]
[]
[null,null,"学習支援事業",null,null,null,null,"必須",null,"１回あたりの実施時間",null,null,null,null,null,null,null,null,null,null,null,"時間"]
[null,null,"支\n援\n内\n容",null,null,null,null,null,"チェックをつけた支援内容について、具体的な支援の詳細を記入してください"]
[]
[]
[]
[null,null,"支\n援\n体\n制",null,null,null,null,"氏名",null,null,null,null,"学習支援事業においてどのように支援を行うのか"]
[null,null,null,"コーディネーター\n（自動入力）",null,null,null,{"$f":"F109","v":""}]
[null,null,null,"管理者\n（自動入力）",null,null,null,{"$f":"T109","v":""}]
[null,null,null,"支援員"]
[]
[]
[]
[]
[]
[]
[null,null,null,null,null,null,null,null,null,null,null,null,null,null,null,null,null,null,"団体名",null,null,{"$f":"IF(F71=\"\",\"\",F71)","v":""}]
[]
[null,null,"相談支援事業",null,null,null,null,"必須",null,"１回あたりの実施時間",null,null,null,null,null,null,null,null,null,null,null,"時間"]
[null,null,"支\n援\n内\n容",null,null,null,null,null,"チェックをつけた支援内容について、具体的な支援の詳細を記入してください"]
[]
[]
[]
[null,null,"支\n援\n体\n制",null,null,null,null,"氏名",null,null,null,null,"相談支援事業においてどのように支援を行うのか"]
[null,null,null,"コーディネーター\n（自動入力）",null,null,null,{"$f":"F109","v":""}]
[null,null,null,"管理者\n（自動入力）",null,null,null,{"$f":"T109","v":""}]
[null,null,null,"支援員"]
[]
[]
[]
[]
[null,null,"交流活動支援事業",null,null,null,null,{"$f":"IF(V133=\"\",\"\",V133)","v":""},null,"実施回数",null,null,null,null,null,null,null,null,null,null,null,"回"]
[null,null,"支\n援\n内\n容",null,null,null,null,null,"チェックをつけた支援内容について、具体的な支援の詳細を記入してください"]
[]
[]
[]
[null,null,"支\n援\n体\n制",null,null,null,null,"氏名",null,null,null,null,"交流支援事業においてどのように支援を行うのか"]
[null,null,null,"コーディネーター\n（自動入力）",null,null,null,{"$f":"F109","v":""}]
[null,null,null,"管理者\n（自動入力）",null,null,null,{"$f":"T109","v":""}]
[null,null,null,"支援員"]
[]
[]
[null,null,"実\n施\n計\n画","実施予定日"]
[null,null,null,"活動内容"]
[]
[]
[]
[null,null,null,null,null,null,null,null,null,null,null,null,null,null,null,null,null,null,"団体名",null,null,{"$f":"IF(F71=\"\",\"\",F71)","v":""}]
[]
[null,null,"支援員研修",null,null,null,null,{"$f":"IF(V134=\"\",\"\",V134)","v":""},null,"実施回数",null,null,null,null,null,null,null,null,null,null,null,"回"]
[null,null,"研\n修\n形態",null,null,null,null,null,"チェックをつけた研修形態について、具体的な開催方法など、詳細を記入してください"]
[]
[]
[]
[null,null,"実施予定日"]
[]
[]
[null,null,"地域連携",null,null,null,null,{"$f":"IF(V135=\"\",\"\",V135)","v":""},null,"チェックをつけた項目について、具体的な地域連携内容をご記入ください"]
[]
[]
[]
[]
[]
[null,null,"その他の活動",null,null,null,null,{"$f":"IF(V136=\"\",\"\",V136)","v":""},null,"その他の活動の具体的内容詳細"]
[]
[]
[]
[]
[]
[null,null,null,null,null,null,null,null,null,null,null,null,null,null,null,null,null,null,"団体名",null,null,{"$f":"IF(F71=\"\",\"\",F71)","v":""}]
[]
[null,null,"宿泊体験型",null,null,null,null,{"$f":"IF(M136=\"\",\"\",M136)","v":""},null,"実施予定回数",null,null,null,null,null,null,null,null,null,null,null,"時間"]
[null,null,"支\n援\n内\n容",null,null,null,null,null,"チェックをつけた支援内容について、具体的な支援の詳細を記入してください"]
[]
[null,null,"支\n援\n体\n制",null,null,null,null,"氏名",null,null,null,null,"宿泊体験事業においてどのように支援を行うのか"]
[null,null,null,"コーディネーター\n（自動入力）",null,null,null,{"$f":"F109","v":""}]
[null,null,null,"管理者\n（自動入力）",null,null,null,{"$f":"T109","v":""}]
[null,null,null,"支援員"]
[]
[]
[null,null,"実\n施\n計\n画","実施予定日"]
[null,null,null,"活動内容"]
[]
[]
[null,null,"朝食提供型",null,null,null,null,{"$f":"IF(M137=\"\",\"\",M137)","v":""},null,"実施予定回数",null,null,null,null,null,null,null,null,null,null,null,"時間"]
[null,null,"支\n援\n内\n容",null,null,null,null,null,"チェックをつけた支援内容について、具体的な支援の詳細を記入してください"]
[]
[null,null,"支\n援\n体\n制",null,null,null,null,"氏名",null,null,null,null,"朝食提供事業においてどのように支援を行うのか"]
[null,null,null,"コーディネーター\n（自動入力）",null,null,null,{"$f":"F109","v":""}]
[null,null,null,"管理者\n（自動入力）",null,null,null,{"$f":"T109","v":""}]
[null,null,null,"支援員"]
[]
[]
[null,null,"実\n施\n計\n画","実施予定日"]
[null,null,null,"活動内容"]
[]
[]
[]
[null,null,null,null,null,null,null,null,null,null,null,null,null,null,null,null,null,null,"団体名",null,null,{"$f":"IF(F71=\"\",\"\",F71)","v":""}]
[]
[null,null,"送迎型",null,null,null,null,{"$f":"IF(V137=\"\",\"\",V137)","v":""},null,"実施予定日数",null,null,null,null,null,null,null,null,null,null,null,"時間"]
[null,null,"支\n援\n内\n容",null,null,null,null,null,"チェックをつけた支援内容について、具体的な支援の詳細を記入してください"]
[]
[null,null,"支\n援\n体\n制",null,null,null,null,"氏名",null,null,null,null,"送迎事業においてどのように支援を行うのか"]
[null,null,null,"コーディネーター\n（自動入力）",null,null,null,{"$f":"F109","v":""}]
[null,null,null,"管理者\n（自動入力）",null,null,null,{"$f":"T109","v":""}]
[null,null,null,"支援員"]
[]
[]
[null,null,"実\n施\n計\n画","送迎区間\n及び距離"]
[null,null,null,"活動内容"]
[]
[]
[]
[]
[null,null,null,null,null,null,null,null,null,null,null,null,null,null,null,null,null,null,"団体名",null,null,{"$f":"IF(F71=\"\",\"\",F71)","v":""}]
[null,"＜１日の流れ＞"]
[null,null,"（自動入力）",null,null,{"$f":"IF(F107=\"\",\"\",F107)","v":""},null,null,null,null,null,null,"時間帯",null,null,"職員の動き"]
[null,null,null,null,null,null,null,null,null,null,null,null,"8:00～\n9:00"]
[]
[]
[]
[null,null,null,null,null,null,null,null,null,null,null,null,"9:00～\n10:00"]
[]
[]
[]
[null,null,null,null,null,null,null,null,null,null,null,null,"10:00～\n11:00"]
[]
[]
[]
[null,null,null,null,null,null,null,null,null,null,null,null,"11:00～\n12:00"]
[]
[]
[]
[null,null,null,null,null,null,null,null,null,null,null,null,"12:00～\n13:00"]
[]
[]
[]
[null,null,null,null,null,null,null,null,null,null,null,null,"13:00～\n14:00"]
[]
[]
[]
[null,null,null,null,null,null,null,null,null,null,null,null,"14:00～\n15:00"]
[]
[]
[]
[null,null,null,null,null,null,null,null,null,null,null,null,"15:00～\n16:00"]
[]
[]
[]
[null,null,null,null,null,null,null,null,null,null,null,null,"16:00～\n17:00"]
[]
[]
[]
[null,null,null,null,null,null,null,null,null,null,null,null,"17:00～\n18:00"]
[]
[]
[]
[null,null,null,null,null,null,null,null,null,null,null,null,"18:00～\n19:00"]
[]
[]
[]
[null,null,null,null,null,null,null,null,null,null,null,null,"19:00～\n20:00"]

{"sheet":"様式２－５","index":2,"n_rows":74,"n_cols":25,"rows_kept":74,"cut":false,"hidden":false,"merged":[[0,17,0,24],[72,1,72,3],[1,0,1,24],[37,1,37,4],[2,9,2,12],[2,13,2,16],[2,17,2,20],[2,21,2,24],[2,1,2,4],[2,5,2,8],[37,5,37,8],[37,9,37,12],[37,13,37,16],[37,17,37,20],[37,21,37,24],[72,7,72,20]]}
["様式２－５",null,null,null,null,null,null,null,null,null,null,null,null,null,null,null,"団体名",{"$f":"IF('様式2-1～2-4'!$F$71=\"\",\"\",'様式2-1～2-4'!$F$71)","v":""}]
["　　　　　　　　　　　　　　　　年間事業実施予定表（１）こどもの居場所　※プルダウンからお選びください"]
[null,"４月",null,null,null,"５月",null,null,null,"６月",null,null,null,"７月",null,null,null,"８月",null,null,null,"９月"]
[null,"2021-04-01",{"$f":"WEEKDAY(B4,1)","v":5},"金",null,"2021-05-01",{"$f":"WEEKDAY(F4,1)","v":7},"日",null,"2021-06-01",{"$f":"WEEKDAY(J4,1)","v":3},"水",null,"2021-07-01",{"$f":"WEEKDAY(N4,1)","v":5},"金",null,"2021-08-01",{"$f":"WEEKDAY(R4,1)","v":1},"月",null,"2021-09-01",{"$f":"WEEKDAY(V4,1)","v":4},"木"]
[null,"2021-04-02",{"$f":"WEEKDAY(B5,1)","v":6},"土",null,"2021-05-02",{"$f":"WEEKDAY(F5,1)","v":1},"月",null,"2021-06-02",{"$f":"WEEKDAY(J5,1)","v":4},"木",null,"2021-07-02",6,"土",null,"2021-08-02",2,"火",null,"2021-09-02",5,"金"]
[null,"2021-04-03",7,"日",null,"2021-05-03",2,"火",null,"2021-06-03",5,"金",null,"2021-07-03",7,"日",null,"2021-08-03",3,"水",null,"2021-09-03",6,"土"]
[null,"2021-04-04",1,"月",null,"2021-05-04",3,"水",null,"2021-06-04",6,"土",null,"2021-07-04",1,"月",null,"2021-08-04",4,"木",null,"2021-09-04",7,"日"]
[null,"2021-04-05",2,"火",null,"2021-05-05",4,"木",null,"2021-06-05",7,"日",null,"2021-07-05",2,"火",null,"2021-08-05",5,"金",null,"2021-09-05",1,"月"]
[null,"2021-04-06",3,"水",null,"2021-05-06",5,"金",null,"2021-06-06",1,"月",null,"2021-07-06",3,"水",null,"2021-08-06",6,"土",null,"2021-09-06",2,"火"]
[null,"2021-04-07",4,"木",null,"2021-05-07",6,"土",null,"2021-06-07",2,"火",null,"2021-07-07",4,"木",null,"2021-08-07",7,"日",null,"2021-09-07",3,"水"]
[null,"2021-04-08",5,"金",null,"2021-05-08",7,"日",null,"2021-06-08",3,"水",null,"2021-07-08",5,"金",null,"2021-08-08",1,"月",null,"2021-09-08",4,"木"]
[null,"2021-04-09",6,"土",null,"2021-05-09",1,"月",null,"2021-06-09",4,"木",null,"2021-07-09",6,"土",null,"2021-08-09",2,"火",null,"2021-09-09",5,"金"]
[null,"2021-04-10",7,"日",null,"2021-05-10",2,"火",null,"2021-06-10",5,"金",null,"2021-07-10",7,"日",null,"2021-08-10",3,"水",null,"2021-09-10",6,"土"]
[null,"2021-04-11",1,"月",null,"2021-05-11",3,"水",null,"2021-06-11",6,"土",null,"2021-07-11",1,"月",null,"2021-08-11",4,"木",null,"2021-09-11",7,"日"]
[null,"2021-04-12",2,"火",null,"2021-05-12",4,"木",null,"2021-06-12",7,"日",null,"2021-07-12",2,"火",null,"2021-08-12",5,"金",null,"2021-09-12",1,"月"]
[null,"2021-04-13",3,"水",null,"2021-05-13",5,"金",null,"2021-06-13",1,"月",null,"2021-07-13",3,"水",null,"2021-08-13",6,"土",null,"2021-09-13",2,"火"]
[null,"2021-04-14",4,"木",null,"2021-05-14",6,"土",null,"2021-06-14",2,"火",null,"2021-07-14",4,"木",null,"2021-08-14",7,"日",null,"2021-09-14",3,"水"]
[null,"2021-04-15",5,"金",null,"2021-05-15",7,"日",null,"2021-06-15",3,"水",null,"2021-07-15",5,"金",null,"2021-08-15",1,"月",null,"2021-09-15",4,"木"]
[null,"2021-04-16",6,"土",null,"2021-05-16",1,"月",null,"2021-06-16",4,"木",null,"2021-07-16",6,"土",null,"2021-08-16",2,"火",null,"2021-09-16",5,"金"]
[null,"2021-04-17",7,"日",null,"2021-05-17",2,"火",null,"2021-06-17",5,"金",null,"2021-07-17",7,"日",null,"2021-08-17",3,"水",null,"2021-09-17",6,"土"]
[null,"2021-04-18",1,"月",null,"2021-05-18",3,"水",null,"2021-06-18",6,"土",null,"2021-07-18",1,"月",null,"2021-08-18",4,"木",null,"2021-09-18",7,"日"]
[null,"2021-04-19",2,"火",null,"2021-05-19",4,"木",null,"2021-06-19",7,"日",null,"2021-07-19",2,"火",null,"2021-08-19",5,"金",null,"2021-09-19",1,"月"]
[null,"2021-04-20",3,"水",null,"2021-05-20",5,"金",null,"2021-06-20",1,"月",null,"2021-07-20",3,"水",null,"2021-08-20",6,"土",null,"2021-09-20",2,"火"]
[null,"2021-04-21",4,"木",null,"2021-05-21",6,"土",null,"2021-06-21",2,"火",null,"2021-07-21",4,"木",null,"2021-08-21",7,"日",null,"2021-09-21",3,"水"]
[null,"2021-04-22",5,"金",null,"2021-05-22",7,"日",null,"2021-06-22",3,"水",null,"2021-07-22",5,"金",null,"2021-08-22",1,"月",null,"2021-09-22",4,"木"]
[null,"2021-04-23",6,"土",null,"2021-05-23",1,"月",null,"2021-06-23",4,"木",null,"2021-07-23",6,"土",null,"2021-08-23",2,"火",null,"2021-09-23",5,"金"]
[null,"2021-04-24",7,"日",null,"2021-05-24",2,"火",null,"2021-06-24",5,"金",null,"2021-07-24",7,"日",null,"2021-08-24",3,"水",null,"2021-09-24",6,"土"]
[null,"2021-04-25",1,"月",null,"2021-05-25",3,"水",null,"2021-06-25",6,"土",null,"2021-07-25",1,"月",null,"2021-08-25",4,"木",null,"2021-09-25",7,"日"]
[null,"2021-04-26",2,"火",null,"2021-05-26",4,"木",null,"2021-06-26",7,"日",null,"2021-07-26",2,"火",null,"2021-08-26",5,"金",null,"2021-09-26",1,"月"]
[null,"2021-04-27",3,"水",null,"2021-05-27",5,"金",null,"2021-06-27",1,"月",null,"2021-07-27",3,"水",null,"2021-08-27",6,"土",null,"2021-09-27",2,"火"]
[null,"2021-04-28",4,"木",null,"2021-05-28",6,"土",null,"2021-06-28",2,"火",null,"2021-07-28",4,"木",null,"2021-08-28",7,"日",null,"2021-09-28",3,"水"]
[null,"2021-04-29",5,"金",null,"2021-05-29",7,"日",null,"2021-06-29",3,"水",null,"2021-07-29",5,"金",null,"2021-08-29",1,"月",null,"2021-09-29",4,"木"]
[null,"2021-04-30",6,"土",null,"2021-05-30",1,"月",null,"2021-06-30",4,"木",null,"2021-07-30",6,"土",null,"2021-08-30",2,"火",null,"2021-09-30",5,"金"]
[null,null,null,null,null,"2021-05-31",2,"火",null,null,null,null,null,"2021-07-31",7,"日",null,"2021-08-31",3,"水"]
[]
[null,null,null,"計",{"$f":"COUNTIF(E4:E33,\"○\")","v":0},null,null,"計",{"$f":"COUNTIF(I4:I34,\"○\")","v":0},null,null,"計",{"$f":"COUNTIF(M4:M33,\"○\")","v":0},null,null,"計",{"$f":"COUNTIF(Q4:Q34,\"○\")","v":0},null,null,"計",{"$f":"COUNTIF(U4:U34,\"○\")","v":0},null,null,"計",{"$f":"COUNTIF(Y4:Y33,\"○\")","v":0}]
[]
[null,"10月",null,null,null,"11月",null,null,null,"12月",null,null,null,"1月",null,null,null,"2月",null,null,null,"3月"]
[null,"2021-10-01",{"$f":"WEEKDAY(B39,1)","v":6},"土",null,"2021-11-01",{"$f":"WEEKDAY(F39,1)","v":2},"火",null,"2021-12-01",{"$f":"WEEKDAY(J39,1)","v":4},"木",null,"2022-01-01",{"$f":"WEEKDAY(N39,1)","v":7},"日",null,"2022-02-01",{"$f":"WEEKDAY(R39,1)","v":3},"水",null,"2022-03-01",{"$f":"WEEKDAY(V39,1)","v":3},"水"]
[null,"2021-10-02",{"$f":"WEEKDAY(B40,1)","v":7},"日",null,"2021-11-02",{"$f":"WEEKDAY(F40,1)","v":3},"水",null,"2021-12-02",{"$f":"WEEKDAY(J40,1)","v":5},"金",null,"2022-01-02",{"$f":"WEEKDAY(N40,1)","v":1},"月",null,"2022-02-02",{"$f":"WEEKDAY(R40,1)","v":4},"木",null,"2022-03-02",{"$f":"WEEKDAY(V40,1)","v":4},"木"]
[null,"2021-10-03",1,"月",null,"2021-11-03",4,"木",null,"2021-12-03",6,"土",null,"2022-01-03",2,"火",null,"2022-02-03",5,"金",null,"2022-03-03",5,"金"]
[null,"2021-10-04",2,"火",null,"2021-11-04",5,"金",null,"2021-12-04",7,"日",null,"2022-01-04",3,"水",null,"2022-02-04",6,"土",null,"2022-03-04",6,"土"]
[null,"2021-10-05",3,"水",null,"2021-11-05",6,"土",null,"2021-12-05",1,"月",null,"2022-01-05",4,"木",null,"2022-02-05",7,"日",null,"2022-03-05",7,"日"]
[null,"2021-10-06",4,"木",null,"2021-11-06",7,"日",null,"2021-12-06",2,"火",null,"2022-01-06",5,"金",null,"2022-02-06",1,"月",null,"2022-03-06",1,"月"]
[null,"2021-10-07",5,"金",null,"2021-11-07",1,"月",null,"2021-12-07",3,"水",null,"2022-01-07",6,"土",null,"2022-02-07",2,"火",null,"2022-03-07",2,"火"]
[null,"2021-10-08",6,"土",null,"2021-11-08",2,"火",null,"2021-12-08",4,"木",null,"2022-01-08",7,"日",null,"2022-02-08",3,"水",null,"2022-03-08",3,"水"]
[null,"2021-10-09",7,"日",null,"2021-11-09",3,"水",null,"2021-12-09",5,"金",null,"2022-01-09",1,"月",null,"2022-02-09",4,"木",null,"2022-03-09",4,"木"]
[null,"2021-10-10",1,"月",null,"2021-11-10",4,"木",null,"2021-12-10",6,"土",null,"2022-01-10",2,"火",null,"2022-02-10",5,"金",null,"2022-03-10",5,"金"]
[null,"2021-10-11",2,"火",null,"2021-11-11",5,"金",null,"2021-12-11",7,"日",null,"2022-01-11",3,"水",null,"2022-02-11",6,"土",null,"2022-03-11",6,"土"]
[null,"2021-10-12",3,"水",null,"2021-11-12",6,"土",null,"2021-12-12",1,"月",null,"2022-01-12",4,"木",null,"2022-02-12",7,"日",null,"2022-03-12",7,"日"]
[null,"2021-10-13",4,"木",null,"2021-11-13",7,"日",null,"2021-12-13",2,"火",null,"2022-01-13",5,"金",null,"2022-02-13",1,"月",null,"2022-03-13",1,"月"]
[null,"2021-10-14",5,"金",null,"2021-11-14",1,"月",null,"2021-12-14",3,"水",null,"2022-01-14",6,"土",null,"2022-02-14",2,"火",null,"2022-03-14",2,"火"]
[null,"2021-10-15",6,"土",null,"2021-11-15",2,"火",null,"2021-12-15",4,"木",null,"2022-01-15",7,"日",null,"2022-02-15",3,"水",null,"2022-03-15",3,"水"]
[null,"2021-10-16",7,"日",null,"2021-11-16",3,"水",null,"2021-12-16",5,"金",null,"2022-01-16",1,"月",null,"2022-02-16",4,"木",null,"2022-03-16",4,"木"]
[null,"2021-10-17",1,"月",null,"2021-11-17",4,"木",null,"2021-12-17",6,"土",null,"2022-01-17",2,"火",null,"2022-02-17",5,"金",null,"2022-03-17",5,"金"]
[null,"2021-10-18",2,"火",null,"2021-11-18",5,"金",null,"2021-12-18",7,"日",null,"2022-01-18",3,"水",null,"2022-02-18",6,"土",null,"2022-03-18",6,"土"]
[null,"2021-10-19",3,"水",null,"2021-11-19",6,"土",null,"2021-12-19",1,"月",null,"2022-01-19",4,"木",null,"2022-02-19",7,"日",null,"2022-03-19",7,"日"]
[null,"2021-10-20",4,"木",null,"2021-11-20",7,"日",null,"2021-12-20",2,"火",null,"2022-01-20",5,"金",null,"2022-02-20",1,"月",null,"2022-03-20",1,"月"]
[null,"2021-10-21",5,"金",null,"2021-11-21",1,"月",null,"2021-12-21",3,"水",null,"2022-01-21",6,"土",null,"2022-02-21",2,"火",null,"2022-03-21",2,"火"]
[null,"2021-10-22",6,"土",null,"2021-11-22",2,"火",null,"2021-12-22",4,"木",null,"2022-01-22",7,"日",null,"2022-02-22",3,"水",null,"2022-03-22",3,"水"]
[null,"2021-10-23",7,"日",null,"2021-11-23",3,"水",null,"2021-12-23",5,"金",null,"2022-01-23",1,"月",null,"2022-02-23",4,"木",null,"2022-03-23",4,"木"]
[null,"2021-10-24",1,"月",null,"2021-11-24",4,"木",null,"2021-12-24",6,"土",null,"2022-01-24",2,"火",null,"2022-02-24",5,"金",null,"2022-03-24",5,"金"]
[null,"2021-10-25",2,"火",null,"2021-11-25",5,"金",null,"2021-12-25",7,"日",null,"2022-01-25",3,"水",null,"2022-02-25",6,"土",null,"2022-03-25",6,"土"]
[null,"2021-10-26",3,"水",null,"2021-11-26",6,"土",null,"2021-12-26",1,"月",null,"2022-01-26",4,"木",null,"2022-02-26",7,"日",null,"2022-03-26",7,"日"]
[null,"2021-10-27",4,"木",null,"2021-11-27",7,"日",null,"2021-12-27",2,"火",null,"2022-01-27",5,"金",null,"2022-02-27",1,"月",null,"2022-03-27",1,"月"]
[null,"2021-10-28",5,"金",null,"2021-11-28",1,"月",null,"2021-12-28",3,"水",null,"2022-01-28",6,"土",null,"2022-02-28",2,"火",null,"2022-03-28",2,"火"]
[null,"2021-10-29",6,"土",null,"2021-11-29",2,"火",null,"2021-12-29",4,"木",null,"2022-01-29",7,"日",null,null,null,null,null,"2022-03-29",3,"水"]
[null,"2021-10-30",7,"日",null,"2021-11-30",3,"水",null,"2021-12-30",5,"金",null,"2022-01-30",1,"月",null,null,null,null,null,"2022-03-30",4,"木"]
[null,"2021-10-31",1,"月",null,null,null,null,null,"2021-12-31",6,"土",null,"2022-01-31",2,"火",null,null,null,null,null,"2022-03-31",5,"金"]
[]
[null,"　",null,"計",{"$f":"COUNTIF(E39:E69,\"○\")","v":0},null,null,"計",{"$f":"COUNTIF(I39:I68,\"○\")","v":0},null,null,"計",{"$f":"COUNTIF(M39:M69,\"○\")","v":0},null,null,"計",{"$f":"COUNTIF(Q39:Q69,\"○\")","v":0},null,null,"計",{"$f":"COUNTIF(U39:U66,\"○\")","v":0},null,null,"計",{"$f":"COUNTIF(Y39:Y69,\"○\")","v":0}]
[]
[null,"合計",null,null,{"$f":"E36+I36+M36+Q36+U36+Y36+E71+I71+M71+Q71+U71+Y71","v":0},null,null,"ここの数字が下記以上である必要があります。\n生活充実通年型：１５０日又は１００日、休日等通年型：５０日"]
[null,null,null,null,null,null,null,null,null,null,null,null,null,null,null,null,"※状況によって実施状況に変動があり得る"]

{"sheet":"様式２－６","index":3,"n_rows":135,"n_cols":25,"rows_kept":135,"cut":false,"hidden":false,"merged":[[134,2,134,11],[134,12,137,14],[134,15,134,25],[135,2,135,11],[135,15,135,25],[136,2,136,11],[136,15,136,25],[137,2,137,11],[137,15,137,25],[130,2,130,11],[130,12,133,14],[130,15,130,25],[131,2,131,11],[131,15,131,25],[132,2,132,11],[132,15,132,25],[133,2,133,11],[133,15,133,25],[126,2,126,11],[126,12,129,14],[126,15,126,25],[127,2,127,11],[127,15,127,25],[128,2,128,11],[128,15,128,25],[129,2,129,11],[129,15,129,25],[122,2,122,11],[122,12,125,14],[122,15,122,25],[123,2,123,11],[123,15,123,25],[124,2,124,11],[124,15,124,25],[125,2,125,11],[125,15,125,25],[118,2,118,11],[118,12,121,14],[118,15,118,25],[119,2,119,11],[119,15,119,25],[120,2,120,11],[120,15,120,25],[121,2,121,11],[121,15,121,25],[114,2,114,11],[114,12,117,14],[114,15,114,25],[115,2,115,11],[115,15,115,25],[116,2,116,11],[116,15,116,25],[117,2,117,11],[117,15,117,25],[110,2,110,11],[110,12,113,14],[110,15,110,25],[111,2,111,11],[111,15,111,25],[112,2,112,11],[112,15,112,25],[113,2,113,11],[113,15,113,25],[106,2,106,11],[106,12,109,14],[106,15,106,25],[107,2,107,11],[107,15,107,25],[108,2,108,11],[108,15,108,25],[109,2,109,11],[109,15,109,25],[102,2,102,11],[102,12,105,14],[102,15,102,25],[103,2,103,11],[103,15,103,25],[104,2,104,11],[104,15,104,25],[105,2,105,11],[105,15,105,25],[98,2,98,11],[98,12,101,14],[98,15,98,25],[99,2,99,11],[99,15,99,25],[100,2,100,11],[100,15,100,25],[101,2,101,11],[101,15,101,25],[94,2,94,11],[94,12,97,14],[94,15,94,25],[95,2,95,11],[95,15,95,25],[96,2,96,11],[96,15,96,25],[97,2,97,11],[97,15,97,25],[90,2,90,11],[90,12,93,14],[90,15,90,25],[91,2,91,11],[91,15,91,25],[92,2,92,11],[92,15,92,25],[93,2,93,11],[93,15,93,25],[87,18,87,20],[87,21,87,26],[89,2,89,3],[89,4,89,11],[89,12,89,14],[89,15,89,25],[72,3,74,6],[72,7,72,11],[72,12,72,25],[73,7,73,11],[73,12,73,25],[74,7,74,11],[74,12,74,25],[69,2,74,2],[69,3,69,6],[69,7,69,11],[69,12,69,25],[70,3,70,6],[70,7,70,11],[70,12,70,25],[71,3,71,6],[71,7,71,11],[71,12,71,25],[65,22,65,23],[65,24,65,25],[66,2,68,2],[66,3,67,6],[66,7,67,25],[68,3,68,6],[68,7,68,25],[65,2,65,6],[65,7,65,9],[65,10,65,14],[65,15,65,16],[65,17,65,18],[65,19,65,21],[62,2,62,4],[62,5,62,10],[62,11,62,16],[62,17,62,22],[63,18,63,20],[63,21,63,26],[55,11,55,25],[56,3,56,6],[56,7,56,10],[56,11,56,25],[57,3,59,6],[57,7,57,10],[57,11,57,25],[58,7,58,10],[58,11,58,25],[59,7,59,10],[53,3,53,7],[53,8,53,25],[54,2,59,2],[54,3,54,6],[54,7,54,10],[54,11,54,25],[55,3,55,6],[55,7,55,10],[59,11,59,25],[49,4,49,7],[49,8,49,25],[50,4,50,7],[50,8,50,25],[51,4,51,7],[51,8,51,25],[45,22,45,23],[45,24,45,25],[46,2,46,7],[46,8,46,25],[47,2,53,2],[47,3,47,7],[47,8,47,25],[48,3,51,3],[48,4,48,7],[48,8,48,25],[45,2,45,6],[45,7,45,9],[45,10,45,14],[45,15,45,16],[45,17,45,18],[45,19,45,21],[52,3,52,7],[52,8,52,25],[33,22,33,23],[24,1,27,4],[24,5,24,13],[24,14,24,20],[24,21,24,26],[25,5,25,13],[25,14,25,20],[40,3,42,6],[40,7,40,11],[40,12,40,25],[41,7,41,11],[41,12,41,25],[42,7,42,11],[42,12,42,25],[37,2,42,2],[37,3,37,6],[37,7,37,11],[37,12,37,25],[38,3,38,6],[38,7,38,11],[38,12,38,25],[39,3,39,6],[39,7,39,11],[39,12,39,25],[17,36,17,57],[18,36,19,57],[19,1,21,4],[19,5,19,26],[20,5,21,26],[22,1,23,4],[22,5,23,26],[33,24,33,25],[34,2,36,2],[34,3,34,6],[34,7,34,25],[35,3,35,6],[35,7,35,25],[36,3,36,6],[36,7,36,25],[27,14,27,20],[31,18,31,20],[31,21,31,26],[33,2,33,6],[33,7,33,9],[33,10,33,14],[33,15,33,16],[33,17,33,18],[33,19,33,21],[10,1,10,4],[10,5,10,12],[10,14,10,26],[11,1,18,4],[11,5,15,26],[16,5,18,9],[16,10,18,26],[25,21,27,26],[26,5,26,13],[26,14,26,20],[27,5,27,13],[6,1,6,4],[6,5,6,13],[6,14,6,18],[6,19,6,26],[7,1,9,4],[7,5,7,13],[7,14,9,18],[7,19,7,26],[8,5,8,13],[8,19,8,26],[9,5,9,13],[9,19,9,26],[1,1,1,26],[2,1,2,4],[2,5,2,26],[3,1,4,4],[3,5,4,26],[5,1,5,4],[5,9,5,10],[5,12,5,13],[5,19,5,20],[5,22,5,23]]}
[null,"様式２－６"]
[null,{"$f":"\"令和\"&様式１!AD2&\"年度きょうとこどもの城づくり事業（ひとり親家庭のこどもの居場所づくり事業）実施に係る運営業務の委託に関する実施計画書（２）親の学び直し\"","v":"令和４年度きょうとこどもの城づくり事業（ひとり親家庭のこどもの居場所づくり事業）実施に係る運営業務の委託に関する実施計画書（２）親の学び直し"}]
[null,"法人名\n（自動入力）",null,null,null,{"$f":"IF('様式2-1～2-4'!$F$71=\"\",\"\",'様式2-1～2-4'!$F$71)","v":""}]
[null,"居場所の実施型\n（自動入力）",null,null,null,{"$f":"IF('様式2-1～2-4'!F107=\"\",\"\",'様式2-1～2-4'!F107)","v":""}]
[]
[null,"実施期間",null,null,null,null,{"$f":"\"令和\"&様式１!AD2&\"年\"","v":"令和４年"},null,null,4,null,"月",1,null,"日","～","令和５年",null,null,3,null,"月",31,null,"日"]
[null,"コーディネーター氏名\n（自動入力）",null,null,null,{"$f":"IF(様式１!J80=\"\",\"\",様式１!J80)","v":""},null,null,null,null,null,null,null,null,"管理者氏名\n（自動入力）",null,null,null,null,{"$f":"IF(様式１!J81=\"\",\"\",様式１!J81)","v":""}]
[null,"支援員氏名",null,null,null,null,null,null,null,null,null,null,null,null,"支援員氏名"]
[]
[]
[null,"実施日数",null,null,null,null,null,null,null,null,null,null,null,"日"]
[null,"連携機関\n※該当する連携機関に✓をつけてください。"]
[]
[]
[]
[]
[null,null,null,null,null,"その他連携機関\n（「その他」にチェックを入れた場合にご記入ください）"]
[]
[]
[null,"実施場所名と\n具体的な住所",null,null,null,"〒"]
[]
[]
[null,"実施日",null,null,null,"様式２－７事業実施予定表（２）親の学び直し　にご記入ください"]
[]
[null,"事業内容",null,null,null,"事業名",null,null,null,null,null,null,null,null,"実施可否"]
[null,null,null,null,null,"相談支援事業",null,null,null,null,null,null,null,null,null,null,null,null,null,null,null,"※プルダウン\nからお選び\nください"]
[null,null,null,null,null,"資質向上支援事業"]
[null,null,null,null,null,"学び直し支援事業"]
[]
[]
[]
[null,null,null,null,null,null,null,null,null,null,null,null,null,null,null,null,null,null,"団体名",null,null,{"$f":"F3","v":""}]
[null,"＜事業内容詳細＞"]
[null,null,"相談支援事業",null,null,null,null,{"$f":"IF(O26=\"\",\"\",O26)","v":""},null,null,"1回あたりの実施時間",null,null,null,null,null,null,"時間",null,"参加者数",null,null,null,null,"人"]
[null,null,"支\n援\n内\n容","具体的な相談支援内容詳細"]
[null,null,null,"助言、指導、\n情報提供の方法"]
[null,null,null,"その他\n相談事業"]
[null,null,"支\n援\n体\n制",null,null,null,null,"氏名",null,null,null,null,"相談支援事業においてどのように支援を行うのか、手法・役割"]
[null,null,null,"コーディネーター\n（自動入力）",null,null,null,{"$f":"F7","v":""}]
[null,null,null,"管理者\n（自動入力）",null,null,null,{"$f":"T7","v":""}]
[null,null,null,"支援員"]
[]
[]
[]
[]
[null,null,"資質向上支援事業",null,null,null,null,{"$f":"IF(O27=\"\",\"\",O27)","v":""},null,null,"1回あたりの実施時間",null,null,null,null,null,null,"時間",null,"参加者数",null,null,null,null,"人"]
[null,null,null,null,null,null,null,null,"チェックをつけた支援内容について、具体的な支援の詳細を記入してください"]
[null,null,"事\n業\n内\n容"]
[null,null,null,"講習会の実施"]
[]
[]
[]
[]
[]
[null,null,"支\n援\n体\n制",null,null,null,null,"氏名",null,null,null,"資質向上支援事業においてどのように支援を行うのか、手法・役割"]
[null,null,null,"コーディネーター\n（自動入力）",null,null,null,{"$f":"F7","v":""}]
[null,null,null,"管理者\n（自動入力）",null,null,null,{"$f":"T7","v":""}]
[null,null,null,"支援員"]
[]
[]
[]
[]
[]
[null,null,null,null,null,null,null,null,null,null,null,null,null,null,null,null,null,null,"団体名",null,null,{"$f":"F3","v":""}]
[]
[null,null,"学び直し支援事業",null,null,null,null,{"$f":"IF(O28=\"\",\"\",O28)","v":""},null,null,"1回あたりの実施時間",null,null,null,null,null,null,"時間",null,"参加者数",null,null,null,null,"人"]
[null,null,"支\n援\n内\n容","具体的な\n支援内容詳細"]
[]
[null,null,null,"その他\n支援内容"]
[null,null,"支\n援\n体\n制",null,null,null,null,"氏名",null,null,null,null,"学び直し支援事業においてどのように支援を行うのか、手法・役割"]
[null,null,null,"コーディネーター\n（自動入力）",null,null,null,{"$f":"F7","v":""}]
[null,null,null,"管理者\n（自動入力）",null,null,null,{"$f":"T7","v":""}]
[null,null,null,"支援員"]
[]
[]
[]
[]
[]
[]
[]
[]
[]
[]
[]
[]
[]
[]
[null,null,null,null,null,null,null,null,null,null,null,null,null,null,null,null,null,null,"団体名",null,null,{"$f":"F3","v":""}]
[null,"＜親の学び直し事業の流れ＞"]
[null,null,"自動入力",null,{"$f":"F4","v":""},null,null,null,null,null,null,null,"時間帯",null,null,"職員の動き"]
[null,null,null,null,null,null,null,null,null,null,null,null,"09:00:00"]
[]
[]
[]
[null,null,null,null,null,null,null,null,null,null,null,null,"10:00:00"]
[]
[]
[]
[null,null,null,null,null,null,null,null,null,null,null,null,"11:00:00"]
[]
[]
[]
[null,null,null,null,null,null,null,null,null,null,null,null,"12:00:00"]
[]
[]
[]
[null,null,null,null,null,null,null,null,null,null,null,null,"13:00:00"]
[]
[]
[]
[null,null,null,null,null,null,null,null,null,null,null,null,"14:00:00"]
[]
[]
[]
[null,null,null,null,null,null,null,null,null,null,null,null,"15:00:00"]
[]
[]
[]
[null,null,null,null,null,null,null,null,null,null,null,null,"16:00:00"]
[]
[]
[]
[null,null,null,null,null,null,null,null,null,null,null,null,"17:00:00"]
[]
[]
[]
[null,null,null,null,null,null,null,null,null,null,null,null,"18:00:00"]
[]
[]
[]
[null,null,null,null,null,null,null,null,null,null,null,null,"19:00:00"]
[]
[]
[]
[null,null,null,null,null,null,null,null,null,null,null,null,"20:00:00"]

{"sheet":"様式２－７","index":4,"n_rows":74,"n_cols":25,"rows_kept":74,"cut":false,"hidden":false,"merged":[[72,1,72,3],[72,7,72,20],[0,17,0,24],[37,1,37,4],[37,5,37,8],[37,9,37,12],[37,13,37,16],[37,17,37,20],[37,21,37,24],[1,0,1,24],[2,1,2,4],[2,5,2,8],[2,9,2,12],[2,13,2,16],[2,17,2,20],[2,21,2,24]]}
["様式２－７",null,null,null,null,null,null,null,null,null,null,null,null,null,null,null,"団体名",{"$f":"IF('様式2-1～2-4'!$F$71=\"\",\"\",'様式2-1～2-4'!$F$71)","v":""}]
["　　　　　　　　　　　　　　　　年間事業実施予定表（２）親の学び直し　※プルダウンからお選びください"]
[null,"４月",null,null,null,"５月",null,null,null,"６月",null,null,null,"７月",null,null,null,"８月",null,null,null,"９月"]
[null,"2021-04-01",{"$f":"WEEKDAY(B4,1)","v":5},"金",null,"2021-05-01",{"$f":"WEEKDAY(F4,1)","v":7},"日",null,"2021-06-01",{"$f":"WEEKDAY(J4,1)","v":3},"水",null,"2021-07-01",{"$f":"WEEKDAY(N4,1)","v":5},"金",null,"2021-08-01",{"$f":"WEEKDAY(R4,1)","v":1},"月",null,"2021-09-01",{"$f":"WEEKDAY(V4,1)","v":4},"木"]
[null,"2021-04-02",{"$f":"WEEKDAY(B5,1)","v":6},"土",null,"2021-05-02",{"$f":"WEEKDAY(F5,1)","v":1},"月",null,"2021-06-02",4,"木",null,"2021-07-02",6,"土",null,"2021-08-02",2,"火",null,"2021-09-02",5,"金"]
[null,"2021-04-03",7,"日",null,"2021-05-03",2,"火",null,"2021-06-03",5,"金",null,"2021-07-03",7,"日",null,"2021-08-03",3,"水",null,"2021-09-03",6,"土"]
[null,"2021-04-04",1,"月",null,"2021-05-04",3,"水",null,"2021-06-04",6,"土",null,"2021-07-04",1,"月",null,"2021-08-04",4,"木",null,"2021-09-04",7,"日"]
[null,"2021-04-05",2,"火",null,"2021-05-05",4,"木",null,"2021-06-05",7,"日",null,"2021-07-05",2,"火",null,"2021-08-05",5,"金",null,"2021-09-05",1,"月"]
[null,"2021-04-06",3,"水",null,"2021-05-06",5,"金",null,"2021-06-06",1,"月",null,"2021-07-06",3,"水",null,"2021-08-06",6,"土",null,"2021-09-06",2,"火"]
[null,"2021-04-07",4,"木",null,"2021-05-07",6,"土",null,"2021-06-07",2,"火",null,"2021-07-07",4,"木",null,"2021-08-07",7,"日",null,"2021-09-07",3,"水"]
[null,"2021-04-08",5,"金",null,"2021-05-08",7,"日",null,"2021-06-08",3,"水",null,"2021-07-08",5,"金",null,"2021-08-08",1,"月",null,"2021-09-08",4,"木"]
[null,"2021-04-09",6,"土",null,"2021-05-09",1,"月",null,"2021-06-09",4,"木",null,"2021-07-09",6,"土",null,"2021-08-09",2,"火",null,"2021-09-09",5,"金"]
[null,"2021-04-10",7,"日",null,"2021-05-10",2,"火",null,"2021-06-10",5,"金",null,"2021-07-10",7,"日",null,"2021-08-10",3,"水",null,"2021-09-10",6,"土"]
[null,"2021-04-11",1,"月",null,"2021-05-11",3,"水",null,"2021-06-11",6,"土",null,"2021-07-11",1,"月",null,"2021-08-11",4,"木",null,"2021-09-11",7,"日"]
[null,"2021-04-12",2,"火",null,"2021-05-12",4,"木",null,"2021-06-12",7,"日",null,"2021-07-12",2,"火",null,"2021-08-12",5,"金",null,"2021-09-12",1,"月"]
[null,"2021-04-13",3,"水",null,"2021-05-13",5,"金",null,"2021-06-13",1,"月",null,"2021-07-13",3,"水",null,"2021-08-13",6,"土",null,"2021-09-13",2,"火"]
[null,"2021-04-14",4,"木",null,"2021-05-14",6,"土",null,"2021-06-14",2,"火",null,"2021-07-14",4,"木",null,"2021-08-14",7,"日",null,"2021-09-14",3,"水"]
[null,"2021-04-15",5,"金",null,"2021-05-15",7,"日",null,"2021-06-15",3,"水",null,"2021-07-15",5,"金",null,"2021-08-15",1,"月",null,"2021-09-15",4,"木"]
[null,"2021-04-16",6,"土",null,"2021-05-16",1,"月",null,"2021-06-16",4,"木",null,"2021-07-16",6,"土",null,"2021-08-16",2,"火",null,"2021-09-16",5,"金"]
[null,"2021-04-17",7,"日",null,"2021-05-17",2,"火",null,"2021-06-17",5,"金",null,"2021-07-17",7,"日",null,"2021-08-17",3,"水",null,"2021-09-17",6,"土"]
[null,"2021-04-18",1,"月",null,"2021-05-18",3,"水",null,"2021-06-18",6,"土",null,"2021-07-18",1,"月",null,"2021-08-18",4,"木",null,"2021-09-18",7,"日"]
[null,"2021-04-19",2,"火",null,"2021-05-19",4,"木",null,"2021-06-19",7,"日",null,"2021-07-19",2,"火",null,"2021-08-19",5,"金",null,"2021-09-19",1,"月"]
[null,"2021-04-20",3,"水",null,"2021-05-20",5,"金",null,"2021-06-20",1,"月",null,"2021-07-20",3,"水",null,"2021-08-20",6,"土",null,"2021-09-20",2,"火"]
[null,"2021-04-21",4,"木",null,"2021-05-21",6,"土",null,"2021-06-21",2,"火",null,"2021-07-21",4,"木",null,"2021-08-21",7,"日",null,"2021-09-21",3,"水"]
[null,"2021-04-22",5,"金",null,"2021-05-22",7,"日",null,"2021-06-22",3,"水",null,"2021-07-22",5,"金",null,"2021-08-22",1,"月",null,"2021-09-22",4,"木"]
[null,"2021-04-23",6,"土",null,"2021-05-23",1,"月",null,"2021-06-23",4,"木",null,"2021-07-23",6,"土",null,"2021-08-23",2,"火",null,"2021-09-23",5,"金"]
[null,"2021-04-24",7,"日",null,"2021-05-24",2,"火",null,"2021-06-24",5,"金",null,"2021-07-24",7,"日",null,"2021-08-24",3,"水",null,"2021-09-24",6,"土"]
[null,"2021-04-25",1,"月",null,"2021-05-25",3,"水",null,"2021-06-25",6,"土",null,"2021-07-25",1,"月",null,"2021-08-25",4,"木",null,"2021-09-25",7,"日"]
[null,"2021-04-26",2,"火",null,"2021-05-26",4,"木",null,"2021-06-26",7,"日",null,"2021-07-26",2,"火",null,"2021-08-26",5,"金",null,"2021-09-26",1,"月"]
[null,"2021-04-27",3,"水",null,"2021-05-27",5,"金",null,"2021-06-27",1,"月",null,"2021-07-27",3,"水",null,"2021-08-27",6,"土",null,"2021-09-27",2,"火"]
[null,"2021-04-28",4,"木",null,"2021-05-28",6,"土",null,"2021-06-28",2,"火",null,"2021-07-28",4,"木",null,"2021-08-28",7,"日",null,"2021-09-28",3,"水"]
[null,"2021-04-29",5,"金",null,"2021-05-29",7,"日",null,"2021-06-29",3,"水",null,"2021-07-29",5,"金",null,"2021-08-29",1,"月",null,"2021-09-29",4,"木"]
[null,"2021-04-30",6,"土",null,"2021-05-30",1,"月",null,"2021-06-30",4,"木",null,"2021-07-30",6,"土",null,"2021-08-30",2,"火",null,"2021-09-30",5,"金"]
[null,null,null,null,null,"2021-05-31",2,"火",null,null,null,null,null,"2021-07-31",7,"日",null,"2021-08-31",3,"水"]
[]
[null,null,null,"計",{"$f":"COUNTIF(E4:E33,\"○\")","v":0},null,null,"計",{"$f":"COUNTIF(I4:I34,\"○\")","v":0},null,null,"計",{"$f":"COUNTIF(M4:M33,\"○\")","v":0},null,null,"計",{"$f":"COUNTIF(Q4:Q34,\"○\")","v":0},null,null,"計",{"$f":"COUNTIF(U4:U34,\"○\")","v":0},null,null,"計",{"$f":"COUNTIF(Y4:Y33,\"○\")","v":0}]
[]
[null,"10月",null,null,null,"11月",null,null,null,"12月",null,null,null,"1月",null,null,null,"2月",null,null,null,"3月"]
[null,"2021-10-01",{"$f":"WEEKDAY(B39,1)","v":6},"土",null,"2021-11-01",{"$f":"WEEKDAY(F39,1)","v":2},"火",null,"2021-12-01",{"$f":"WEEKDAY(J39,1)","v":4},"木",null,"2022-01-01",{"$f":"WEEKDAY(N39,1)","v":7},"日",null,"2022-02-01",{"$f":"WEEKDAY(R39,1)","v":3},"水",null,"2022-03-01",{"$f":"WEEKDAY(V39,1)","v":3},"水"]
[null,"2021-10-02",7,"日",null,"2021-11-02",3,"水",null,"2021-12-02",5,"金",null,"2022-01-02",1,"月",null,"2022-02-02",4,"木",null,"2022-03-02",4,"木"]
[null,"2021-10-03",1,"月",null,"2021-11-03",4,"木",null,"2021-12-03",6,"土",null,"2022-01-03",2,"火",null,"2022-02-03",5,"金",null,"2022-03-03",5,"金"]
[null,"2021-10-04",2,"火",null,"2021-11-04",5,"金",null,"2021-12-04",7,"日",null,"2022-01-04",3,"水",null,"2022-02-04",6,"土",null,"2022-03-04",6,"土"]
[null,"2021-10-05",3,"水",null,"2021-11-05",6,"土",null,"2021-12-05",1,"月",null,"2022-01-05",4,"木",null,"2022-02-05",7,"日",null,"2022-03-05",7,"日"]
[null,"2021-10-06",4,"木",null,"2021-11-06",7,"日",null,"2021-12-06",2,"火",null,"2022-01-06",5,"金",null,"2022-02-06",1,"月",null,"2022-03-06",1,"月"]
[null,"2021-10-07",5,"金",null,"2021-11-07",1,"月",null,"2021-12-07",3,"水",null,"2022-01-07",6,"土",null,"2022-02-07",2,"火",null,"2022-03-07",2,"火"]
[null,"2021-10-08",6,"土",null,"2021-11-08",2,"火",null,"2021-12-08",4,"木",null,"2022-01-08",7,"日",null,"2022-02-08",3,"水",null,"2022-03-08",3,"水"]
[null,"2021-10-09",7,"日",null,"2021-11-09",3,"水",null,"2021-12-09",5,"金",null,"2022-01-09",1,"月",null,"2022-02-09",4,"木",null,"2022-03-09",4,"木"]
[null,"2021-10-10",1,"月",null,"2021-11-10",4,"木",null,"2021-12-10",6,"土",null,"2022-01-10",2,"火",null,"2022-02-10",5,"金",null,"2022-03-10",5,"金"]
[null,"2021-10-11",2,"火",null,"2021-11-11",5,"金",null,"2021-12-11",7,"日",null,"2022-01-11",3,"水",null,"2022-02-11",6,"土",null,"2022-03-11",6,"土"]
[null,"2021-10-12",3,"水",null,"2021-11-12",6,"土",null,"2021-12-12",1,"月",null,"2022-01-12",4,"木",null,"2022-02-12",7,"日",null,"2022-03-12",7,"日"]
[null,"2021-10-13",4,"木",null,"2021-11-13",7,"日",null,"2021-12-13",2,"火",null,"2022-01-13",5,"金",null,"2022-02-13",1,"月",null,"2022-03-13",1,"月"]
[null,"2021-10-14",5,"金",null,"2021-11-14",1,"月",null,"2021-12-14",3,"水",null,"2022-01-14",6,"土",null,"2022-02-14",2,"火",null,"2022-03-14",2,"火"]
[null,"2021-10-15",6,"土",null,"2021-11-15",2,"火",null,"2021-12-15",4,"木",null,"2022-01-15",7,"日",null,"2022-02-15",3,"水",null,"2022-03-15",3,"水"]
[null,"2021-10-16",7,"日",null,"2021-11-16",3,"水",null,"2021-12-16",5,"金",null,"2022-01-16",1,"月",null,"2022-02-16",4,"木",null,"2022-03-16",4,"木"]
[null,"2021-10-17",1,"月",null,"2021-11-17",4,"木",null,"2021-12-17",6,"土",null,"2022-01-17",2,"火",null,"2022-02-17",5,"金",null,"2022-03-17",5,"金"]
[null,"2021-10-18",2,"火",null,"2021-11-18",5,"金",null,"2021-12-18",7,"日",null,"2022-01-18",3,"水",null,"2022-02-18",6,"土",null,"2022-03-18",6,"土"]
[null,"2021-10-19",3,"水",null,"2021-11-19",6,"土",null,"2021-12-19",1,"月",null,"2022-01-19",4,"木",null,"2022-02-19",7,"日",null,"2022-03-19",7,"日"]
[null,"2021-10-20",4,"木",null,"2021-11-20",7,"日",null,"2021-12-20",2,"火",null,"2022-01-20",5,"金",null,"2022-02-20",1,"月",null,"2022-03-20",1,"月"]
[null,"2021-10-21",5,"金",null,"2021-11-21",1,"月",null,"2021-12-21",3,"水",null,"2022-01-21",6,"土",null,"2022-02-21",2,"火",null,"2022-03-21",2,"火"]
[null,"2021-10-22",6,"土",null,"2021-11-22",2,"火",null,"2021-12-22",4,"木",null,"2022-01-22",7,"日",null,"2022-02-22",3,"水",null,"2022-03-22",3,"水"]
[null,"2021-10-23",7,"日",null,"2021-11-23",3,"水",null,"2021-12-23",5,"金",null,"2022-01-23",1,"月",null,"2022-02-23",4,"木",null,"2022-03-23",4,"木"]
[null,"2021-10-24",1,"月",null,"2021-11-24",4,"木",null,"2021-12-24",6,"土",null,"2022-01-24",2,"火",null,"2022-02-24",5,"金",null,"2022-03-24",5,"金"]
[null,"2021-10-25",2,"火",null,"2021-11-25",5,"金",null,"2021-12-25",7,"日",null,"2022-01-25",3,"水",null,"2022-02-25",6,"土",null,"2022-03-25",6,"土"]
[null,"2021-10-26",3,"水",null,"2021-11-26",6,"土",null,"2021-12-26",1,"月",null,"2022-01-26",4,"木",null,"2022-02-26",7,"日",null,"2022-03-26",7,"日"]
[null,"2021-10-27",4,"木",null,"2021-11-27",7,"日",null,"2021-12-27",2,"火",null,"2022-01-27",5,"金",null,"2022-02-27",1,"月",null,"2022-03-27",1,"月"]
[null,"2021-10-28",5,"金",null,"2021-11-28",1,"月",null,"2021-12-28",3,"水",null,"2022-01-28",6,"土",null,"2022-02-28",2,"火",null,"2022-03-28",2,"火"]
[null,"2021-10-29",6,"土",null,"2021-11-29",2,"火",null,"2021-12-29",4,"木",null,"2022-01-29",7,"日",null,null,null,null,null,"2022-03-29",3,"水"]
[null,"2021-10-30",7,"日",null,"2021-11-30",3,"水",null,"2021-12-30",5,"金",null,"2022-01-30",1,"月",null,null,null,null,null,"2022-03-30",4,"木"]
[null,"2021-10-31",1,"月",null,null,null,null,null,"2021-12-31",6,"土",null,"2022-01-31",2,"火",null,null,null,null,null,"2022-03-31",5,"金"]
[]
[null,"　",null,"計",{"$f":"COUNTIF(E39:E69,\"○\")","v":0},null,null,"計",{"$f":"COUNTIF(I39:I68,\"○\")","v":0},null,null,"計",{"$f":"COUNTIF(M39:M69,\"○\")","v":0},null,null,"計",{"$f":"COUNTIF(Q39:Q69,\"○\")","v":0},null,null,"計",{"$f":"COUNTIF(U39:U66,\"○\")","v":0},null,null,"計",{"$f":"COUNTIF(Y39:Y69,\"○\")","v":0}]
[]
[null,"合計",null,null,{"$f":"E36+I36+M36+Q36+U36+Y36+E71+I71+M71+Q71+U71+Y71","v":0}]
[null,null,null,null,null,null,null,null,null,null,null,null,null,null,null,null,"※状況によって実施状況に変動があり得る"]

{"sheet":"様式２－８","index":5,"n_rows":137,"n_cols":25,"rows_kept":137,"cut":false,"hidden":false,"merged":[[1,1,1,26],[2,1,2,4],[2,5,2,26],[3,1,4,4],[3,5,4,26],[5,1,5,4],[5,6,5,13],[5,19,5,20],[5,22,5,23],[6,1,9,4],[10,1,14,4],[10,5,10,26],[11,5,11,26],[12,5,12,26],[13,5,13,26],[14,5,14,26],[6,5,6,26],[7,5,9,26],[17,2,17,4],[17,5,17,22],[20,2,28,2],[20,3,21,7],[20,8,21,25],[22,3,23,7],[22,8,23,25],[24,3,26,7],[24,8,26,25],[27,3,28,7],[42,3,44,7],[42,8,44,25],[45,3,47,7],[45,8,47,25],[50,2,50,4],[50,5,50,22],[27,8,28,25],[32,17,32,19],[32,20,32,26],[34,2,34,4],[34,5,34,22],[36,2,47,2],[36,3,38,7],[36,8,38,25],[39,3,41,7],[39,8,41,25],[52,2,63,2],[52,3,54,7],[52,8,54,25],[55,3,57,7],[55,8,57,25],[58,3,60,7],[58,8,60,25],[61,3,63,7],[61,8,63,25],[67,17,67,19],[67,20,67,26],[69,2,69,4],[69,5,69,22],[71,2,82,2],[71,3,73,7],[71,8,73,25],[74,3,76,7],[74,8,76,25],[77,3,79,7],[77,8,79,25],[80,3,82,7],[80,8,82,25],[85,2,85,4],[85,5,85,22],[87,2,98,2],[87,3,89,7],[87,8,89,25],[90,3,92,7],[90,8,92,25],[104,2,104,5],[105,2,105,5],[105,7,105,10],[105,11,105,15],[105,16,105,20],[105,21,105,25],[93,3,95,7],[93,8,95,25],[96,3,98,7],[96,8,98,25],[102,17,102,19],[102,20,102,26],[106,2,106,5],[106,7,106,10],[106,11,106,15],[106,16,106,20],[106,21,106,25],[107,2,107,5],[107,7,107,10],[107,11,107,15],[107,16,107,20],[107,21,107,25],[108,2,108,5],[108,7,108,10],[108,11,108,15],[108,16,108,20],[108,21,108,25],[109,2,109,5],[109,7,109,10],[109,11,109,15],[109,16,109,20],[109,21,109,25],[110,2,110,5],[110,7,110,10],[110,11,110,15],[110,16,110,20],[110,21,110,25],[111,2,111,5],[111,7,111,10],[111,11,111,15],[111,16,111,20],[111,21,111,25],[112,2,112,5],[112,7,112,10],[112,11,112,15],[112,16,112,20],[112,21,112,25],[113,2,113,5],[113,7,113,10],[113,11,113,15],[113,16,113,20],[113,21,113,25],[114,2,114,5],[114,7,114,10],[114,11,114,15],[114,16,114,20],[114,21,114,25],[115,2,115,5],[115,7,115,10],[115,11,115,15],[115,16,115,20],[115,21,115,25],[116,2,116,5],[116,7,116,10],[116,11,116,15],[116,16,116,20],[116,21,116,25],[117,2,117,5],[117,7,117,10],[117,11,117,15],[117,16,117,20],[117,21,117,25],[118,2,118,5],[118,7,118,10],[118,11,118,15],[118,16,118,20],[118,21,118,25],[119,2,119,5],[119,7,119,10],[119,11,119,15],[119,16,119,20],[119,21,119,25],[120,2,120,5],[120,7,120,10],[120,11,120,15],[120,16,120,20],[120,21,120,25],[121,2,121,5],[121,7,121,10],[121,11,121,15],[121,16,121,20],[121,21,121,25],[122,2,122,5],[122,7,122,10],[122,11,122,15],[122,16,122,20],[122,21,122,25],[123,2,123,5],[123,7,123,10],[123,11,123,15],[123,16,123,20],[123,21,123,25],[124,2,124,5],[124,7,124,10],[124,11,124,15],[124,16,124,20],[124,21,124,25],[125,2,125,5],[125,7,125,10],[125,11,125,15],[125,16,125,20],[125,21,125,25],[126,2,126,5],[126,7,126,10],[126,11,126,15],[126,16,126,20],[126,21,126,25],[127,2,127,5],[127,7,127,10],[127,11,127,15],[127,16,127,20],[127,21,127,25],[130,11,130,15],[130,16,130,20],[130,21,130,25],[131,2,131,5],[131,7,131,10],[131,11,131,15],[131,16,131,20],[131,21,131,25],[128,2,128,5],[128,7,128,10],[128,11,128,15],[128,16,128,20],[128,21,128,25],[129,2,129,5],[129,7,129,10],[129,11,129,15],[129,16,129,20],[129,21,129,25],[136,2,146,25],[104,7,104,25],[134,2,134,5],[134,7,134,10],[134,11,134,15],[134,16,134,20],[134,21,134,25],[135,2,135,5],[135,7,135,10],[135,11,135,15],[135,16,135,20],[135,21,135,25],[132,2,132,5],[132,7,132,10],[132,11,132,15],[132,16,132,20],[132,21,132,25],[133,2,133,5],[133,7,133,10],[133,11,133,15],[133,16,133,20],[133,21,133,25],[130,2,130,5],[130,7,130,10]]}
[null,"様式２－８"]
[null,{"$f":"\"令和\"&様式１!AD2&\"年度きょうとこどもの城づくり事業（ひとり親家庭のこどもの居場所づくり事業）実施に係る運営業務の委託に関する実施計画書（３）こどもの居場所開設準備\"","v":"令和４年度きょうとこどもの城づくり事業（ひとり親家庭のこどもの居場所づくり事業）実施に係る運営業務の委託に関する実施計画書（３）こどもの居場所開設準備"}]
[null,"法人名\n（自動入力）",null,null,null,{"$f":"IF('様式2-1～2-4'!$F$71=\"\",\"\",'様式2-1～2-4'!$F$71)","v":""}]
[null,"居場所の\n実施型\n（自動入力）",null,null,null,{"$f":"IF('様式2-1～2-4'!F107=\"\",\"\",'様式2-1～2-4'!F107)","v":""}]
[]
[null,"準備期間",null,null,null,null,"契約締結時",null,null,null,null,null,null,null,null,"～","令和　　年",null,null,null,null,"月",null,null,"日"]
[null,"開設準備場所\n（自動入力）",null,null,null,{"$f":"IF('様式2-1～2-4'!F127=\"\",\"\",'様式2-1～2-4'!F127)","v":""}]
[null,null,null,null,null,{"$f":"IF('様式2-1～2-4'!F128=\"\",\"\",'様式2-1～2-4'!F128)","v":""}]
[]
[]
[null,"準備計画の概要\n（①～④の全てに記入する必要はありません。記入欄数を超える項目がある場合は、主なもののみ記入ください）",null,null,null,"（例）①エアコン設置費用　"]
[null,null,null,null,null,"①"]
[null,null,null,null,null,"\n②\n"]
[null,null,null,null,null,"③"]
[null,null,null,null,null,"④"]
[null,"＜詳細＞",null,null,"「準備計画の概要」でご記入いただいた設備投資等の詳細をご記入ください。"]
[]
[null,null,"記入例①",null,null,{"$f":"F11","v":"（例）①エアコン設置費用　"}]
[]
[]
[null,null,"実\n施\n内\n容","準備内容",null,null,null,null,"例）本団体は令和４年度こどもの居場所づくり事業において生活充実通年型を実施予定であり、学習支援事業の実施のため本改修を行う。"]
[]
[null,null,null,"改修の理由",null,null,null,null,"例）借用予定の一軒家に冷暖房設備がないため、エアコンを設置する。"]
[]
[null,null,null,"改修の結果\n得られる効果",null,null,null,null,"例）エアコンを設置することで、夏季や冬季でも快適に学習できるようになり、事業を効率的に行えることが予想される。"]
[]
[]
[null,null,null,"備考",null,null,null,null,"例）原状回復について家主とはすでに協議済みである。"]
[]
[]
[]
[]
[null,null,null,null,null,null,null,null,null,null,null,null,null,null,null,null,null,"団体名",null,null,{"$f":"F3","v":""}]
[]
[null,null,"①（自動入力）",null,null,{"$f":"F12","v":"①"}]
[]
[null,null,"実\n施\n内\n容","準備内容"]
[]
[]
[null,null,null,"改修の理由"]
[]
[]
[null,null,null,"改修の結果\n得られる効果"]
[]
[]
[null,null,null,"備考"]
[]
[]
[]
[]
[null,null,"②（自動入力）",null,null,{"$f":"F13","v":"\n②\n"}]
[]
[null,null,"実\n施\n内\n容","準備内容"]
[]
[]
[null,null,null,"改修の理由"]
[]
[]
[null,null,null,"改修の結果\n得られる効果"]
[]
[]
[null,null,null,"備考"]
[]
[]
[]
[]
[]
[null,null,null,null,null,null,null,null,null,null,null,null,null,null,null,null,null,"団体名",null,null,{"$f":"F3","v":""}]
[]
[null,null,"③（自動入力）",null,null,{"$f":"F14","v":"③"}]
[]
[null,null,"実\n施\n内\n容","準備内容"]
[]
[]
[null,null,null,"改修の理由"]
[]
[]
[null,null,null,"改修の結果\n得られる効果"]
[]
[]
[null,null,null,"備考"]
[]
[]
[]
[]
[null,null,"④（自動入力）",null,null,{"$f":"F15","v":"④"}]
[]
[null,null,"実\n施\n内\n容","準備内容"]
[]
[]
[null,null,null,"改修の理由"]
[]
[]
[null,null,null,"改修の結果\n得られる効果"]
[]
[]
[null,null,null,"備考"]
[]
[]
[]
[]
[]
[null,null,null,null,null,null,null,null,null,null,null,null,null,null,null,null,null,"団体名",null,null,{"$f":"F3","v":""}]
[null,"＜開設準備の流れ＞"]
[null,null,"設置日程",null,null,null,"曜日","設置概要"]
[]
[]
[]
[]
[]
[]
[]
[]
[]
[]
[]
[]
[]
[]
[]
[]
[]
[]
[]
[]
[]
[]
[]
[]
[]
[]
[]
[]
[]
[]
[]
[null,null,"＜備考＞"]

{"sheet":"様式3-1～3-4","index":6,"n_rows":271,"n_cols":26,"rows_kept":271,"cut":false,"hidden":false,"merged":[[250,2,251,6],[250,7,251,13],[250,14,250,26],[251,14,251,26],[252,2,253,6],[252,7,253,13],[252,14,252,26],[253,14,253,26],[254,2,255,6],[254,7,255,13],[254,14,254,26],[255,14,255,26],[267,2,267,6],[267,7,267,13],[267,14,267,26],[265,14,266,26],[256,2,260,6],[256,7,260,13],[256,14,256,26],[257,14,257,26],[258,14,258,26],[259,14,259,26],[260,14,260,26],[261,2,264,6],[261,7,264,13],[261,14,261,26],[262,14,262,26],[263,14,263,26],[264,14,264,26],[265,2,266,6],[265,7,266,13],[244,14,245,26],[246,22,246,24],[249,2,249,6],[249,7,249,13],[249,14,249,26],[237,13,237,15],[237,16,237,26],[238,13,238,15],[238,16,238,26],[239,13,239,15],[239,16,239,18],[239,19,239,24],[241,1,241,25],[243,2,243,6],[243,7,243,13],[243,14,243,26],[244,2,245,6],[244,7,245,13],[246,2,246,21],[168,13,168,15],[169,13,169,15],[170,13,170,15],[1,16,1,26],[2,16,2,26],[168,16,168,26],[169,16,169,26],[3,16,3,18],[3,19,3,24],[170,16,170,18],[170,19,170,24],[16,14,16,26],[17,14,17,26],[63,13,63,15],[63,16,63,26],[64,13,64,15],[64,16,64,26],[65,13,65,15],[65,16,65,18],[65,19,65,24],[2,13,2,15],[5,1,5,25],[31,7,31,13],[31,14,31,26],[31,2,31,6],[29,2,30,6],[29,7,30,13],[29,14,29,26],[30,14,30,26],[1,13,1,15],[3,13,3,15],[20,2,24,6],[20,7,24,13],[20,14,20,26],[21,14,21,26],[22,14,22,26],[23,14,23,26],[24,14,24,26],[25,2,28,6],[25,7,28,13],[25,14,25,26],[26,14,26,26],[27,14,27,26],[28,14,28,26],[14,2,15,6],[14,7,15,13],[14,14,14,26],[15,14,15,26],[10,22,10,24],[16,2,17,6],[16,7,17,13],[18,2,19,6],[18,7,19,13],[18,14,18,26],[19,14,19,26],[7,2,7,6],[7,7,7,13],[7,14,7,26],[8,2,9,6],[8,7,9,13],[8,14,9,26],[13,2,13,6],[13,7,13,13],[13,14,13,26],[10,2,10,21],[181,2,182,6],[181,7,182,13],[181,14,181,26],[182,14,182,26],[183,2,184,6],[185,14,185,26],[175,7,176,13],[175,14,176,26],[177,2,177,21],[172,1,172,25],[174,2,174,6],[174,7,174,13],[174,14,174,26],[185,2,186,6],[185,7,186,13],[183,7,184,13],[196,2,197,6],[196,7,197,13],[186,14,186,26],[187,14,187,26],[188,14,188,26],[189,14,189,26],[183,14,183,26],[184,14,184,26],[187,2,191,6],[187,7,191,13],[177,22,177,24],[175,2,176,6],[190,14,190,26],[191,14,191,26],[180,2,180,6],[180,7,180,13],[180,14,180,26],[198,2,198,6],[198,7,198,13],[195,14,195,26],[196,14,196,26],[197,14,197,26],[198,14,198,26],[192,2,195,6],[192,7,195,13],[192,14,192,26],[193,14,193,26],[194,14,194,26],[203,13,203,15],[205,13,205,15],[207,1,207,25],[209,2,209,6],[209,7,209,13],[209,14,209,26],[210,2,211,6],[210,7,211,13],[210,14,211,26],[204,13,204,15],[203,16,203,26],[204,16,204,26],[205,16,205,18],[205,19,205,24],[212,22,212,24],[215,2,215,6],[215,7,215,13],[215,14,215,26],[216,2,225,6],[216,7,217,13],[216,14,216,26],[217,14,217,26],[218,7,219,13],[218,14,218,26],[219,14,219,26],[220,7,221,13],[220,14,220,26],[221,14,221,26],[222,7,225,13],[222,14,222,26],[223,14,223,26],[224,14,224,26],[225,14,225,26],[212,2,212,21],[232,2,232,6],[232,7,232,13],[232,14,232,26],[226,2,229,6],[226,7,229,13],[226,14,226,26],[227,14,227,26],[228,14,228,26],[229,14,229,26],[230,2,231,6],[230,7,231,13],[230,14,230,26],[231,14,231,26],[67,1,67,25],[69,2,69,6],[69,7,69,13],[69,14,69,26],[70,2,71,6],[70,7,71,13],[70,14,71,26],[72,22,72,24],[72,2,72,21],[75,2,75,6],[75,7,75,13],[75,14,75,26],[76,2,77,6],[76,7,77,13],[76,14,76,26],[77,14,77,26],[78,2,79,6],[78,7,79,13],[78,14,78,26],[79,14,79,26],[80,2,81,6],[80,7,81,13],[80,14,80,26],[81,14,81,26],[82,2,86,6],[82,7,86,13],[82,14,82,26],[83,14,83,26],[84,14,84,26],[85,14,85,26],[86,14,86,26],[93,2,93,6],[93,7,93,13],[93,14,93,26],[98,13,98,15],[98,16,98,26],[99,13,99,15],[99,16,99,26],[87,2,90,6],[87,7,90,13],[87,14,87,26],[88,14,88,26],[89,14,89,26],[90,14,90,26],[91,2,92,6],[91,7,92,13],[91,14,91,26],[92,14,92,26],[100,13,100,15],[100,16,100,18],[100,19,100,24],[102,1,102,25],[104,2,104,6],[104,7,104,13],[104,14,104,26],[105,2,106,6],[105,7,106,13],[105,14,106,26],[107,22,107,24],[110,2,110,6],[110,7,110,13],[110,14,110,26],[111,2,112,6],[111,7,112,13],[111,14,111,26],[112,14,112,26],[107,2,107,21],[113,2,114,6],[113,7,114,13],[113,14,113,26],[114,14,114,26],[115,2,116,6],[115,7,116,13],[115,14,115,26],[116,14,116,26],[117,2,121,6],[117,7,121,13],[117,14,117,26],[118,14,118,26],[119,14,119,26],[120,14,120,26],[121,14,121,26],[128,2,128,6],[128,7,128,13],[128,14,128,26],[122,2,125,6],[122,7,125,13],[122,14,122,26],[123,14,123,26],[124,14,124,26],[125,14,125,26],[126,2,127,6],[126,7,127,13],[126,14,126,26],[127,14,127,26],[43,2,44,6],[43,7,44,13],[43,14,44,26],[45,2,45,21],[45,22,45,24],[48,2,48,6],[48,7,48,13],[48,14,48,26],[36,13,36,15],[36,16,36,26],[37,13,37,15],[37,16,37,26],[38,13,38,15],[38,16,38,18],[38,19,38,24],[42,2,42,6],[42,7,42,13],[42,14,42,26],[58,2,58,6],[58,7,58,13],[58,14,58,26],[40,1,40,26],[133,13,133,15],[133,16,133,26],[134,13,134,15],[134,16,134,26],[135,13,135,15],[135,16,135,18],[135,19,135,24],[54,2,57,6],[54,7,57,13],[54,14,54,26],[55,14,55,26],[56,14,56,26],[57,14,57,26],[49,2,53,6],[49,7,53,13],[49,14,49,26],[50,14,50,26],[51,14,51,26],[52,14,52,26],[53,14,53,26],[137,1,137,25],[139,2,139,6],[139,7,139,13],[139,14,139,26],[140,2,141,6],[140,7,141,13],[140,14,141,26],[142,2,142,21],[142,22,142,24],[145,2,145,6],[145,7,145,13],[145,14,145,26],[146,2,147,6],[146,7,147,13],[146,14,146,26],[147,14,147,26],[148,2,149,6],[148,7,149,13],[148,14,148,26],[149,14,149,26],[150,2,151,6],[150,7,151,13],[150,14,150,26],[151,14,151,26],[152,2,156,6],[152,7,156,13],[152,14,152,26],[153,14,153,26],[154,14,154,26],[155,14,155,26],[156,14,156,26],[163,2,163,6],[163,7,163,13],[163,14,163,26],[157,2,160,6],[157,7,160,13],[157,14,157,26],[158,14,158,26],[159,14,159,26],[160,14,160,26],[161,2,162,6],[161,7,162,13],[161,14,161,26],[162,14,162,26]]}
[null,"様式３－１①"]
[null,null,null,null,null,null,null,null,null,null,null,null,null,"住所",null,null,{"$f":"IF('様式2-1～2-4'!$F$74=\"\",\"\",'様式2-1～2-4'!$F$74)","v":""}]
[null,null,null,null,null,null,null,null,null,null,null,null,null,"団体名",null,null,{"$f":"IF('様式2-1～2-4'!$F$71=\"\",\"\",'様式2-1～2-4'!$F$71)","v":""}]
[null,null,null,null,null,null,null,null,null,null,null,null,null,"代表者",null,null,{"$f":"IF('様式2-1～2-4'!$R$72=\"\",\"\",'様式2-1～2-4'!$R$72)","v":""},null,null,{"$f":"IF('様式2-1～2-4'!$V$72=\"\",\"\",'様式2-1～2-4'!$V$72)","v":""}]
[]
[null,"　　価格提案書（見積書）（１）こどもの居場所"]
[null,"１　収入の部",null,null,null,null,null,null,null,null,null,null,null,null,null,null,null,null,null,null,null,null,null,"単位　円"]
[null,null,"項目",null,null,null,null,"見積金額",null,null,null,null,null,null,"内訳（積算単価、数量等を具体的にご記入ください。）"]
[null,null,"本委託金"]
[]
[null,null,"うち消費税及び地方消費税（自動算出）",null,null,null,null,null,null,null,null,null,null,null,null,null,null,null,null,null,null,null,{"$f":"IF(H9=\"\",\"\",H9-(H9/1.1))","v":""},null,null,"円"]
[]
[null,"２　支出の部",null,null,null,null,null,null,null,null,null,null,null,null,null,null,null,null,null,null,null,null,null,"単位　円"]
[null,null,"項目",null,null,null,null,"金額",null,null,null,null,null,null,"内訳（積算単価、数量等を具体的にご記入ください。）"]
[null,null,"賃金"]
[]
[null,null,"報償費\n（謝礼金など）"]
[]
[null,null,"旅費"]
[]
[null,null,"需用費\n（食材費、消耗品費）"]
[]
[]
[]
[]
[null,null,"役務費\n（通信運搬費、保険料）"]
[]
[]
[]
[null,null,"使用料\n（建物リース料等）"]
[]
[null,null,"税込計（自動算出）",null,null,null,null,{"$f":"SUM(H15:N31)","v":0}]
[null,"＊支出額内訳書を作成し、内訳書から転記してください。"]
[null,"＊提出に当たっては、提出者の所在地、名称並びに代表者の役職名及び氏名を記載のうえ、"]
[null,"　　代表者印を押印すること。"]
[null,"様式３－１②"]
[null,null,null,null,null,null,null,null,null,null,null,null,null,"住所",null,null,{"$f":"IF('様式2-1～2-4'!$F$74=\"\",\"\",'様式2-1～2-4'!$F$74)","v":""}]
[null,null,null,null,null,null,null,null,null,null,null,null,null,"団体名",null,null,{"$f":"IF('様式2-1～2-4'!$F$71=\"\",\"\",'様式2-1～2-4'!$F$71)","v":""}]
[null,null,null,null,null,null,null,null,null,null,null,null,null,"代表者",null,null,{"$f":"IF('様式2-1～2-4'!$R$72=\"\",\"\",'様式2-1～2-4'!$R$72)","v":""},null,null,{"$f":"IF('様式2-1～2-4'!$V$72=\"\",\"\",'様式2-1～2-4'!$V$72)","v":""}]
[]
[null,"価格提案書（見積書）（１）こどもの居場所　新型コロナウイルス感染症対策支援"]
[null,"１　収入の部",null,null,null,null,null,null,null,null,null,null,null,null,null,null,null,null,null,null,null,null,null,"単位　円"]
[null,null,"項目",null,null,null,null,"見積金額",null,null,null,null,null,null,"内訳（積算単価、数量等を具体的にご記入ください。）"]
[null,null,"本委託金"]
[]
[null,null,"うち消費税及び地方消費税（自動算出）",null,null,null,null,null,null,null,null,null,null,null,null,null,null,null,null,null,null,null,{"$f":"IF(H44=\"\",\"\",H44-(H44/1.1))","v":""},null,null,"円"]
[]
[null,"２　支出の部",null,null,null,null,null,null,null,null,null,null,null,null,null,null,null,null,null,null,null,null,null,"単位　円"]
[null,null,"項目",null,null,null,null,"金額",null,null,null,null,null,null,"内訳（積算単価、数量等を具体的にご記入ください。）"]
[null,null,"需用費\n（消耗品費）"]
[]
[]
[]
[]
[null,null,"備品購入費"]
[]
[]
[]
[null,null,"税込計（自動算出）",null,null,null,null,{"$f":"SUM(H50:N58)","v":0}]
[null,"＊支出額内訳書を作成し、内訳書から転記してください。"]
[null,"＊提出に当たっては、提出者の所在地、名称並びに代表者の役職名及び氏名を記載のうえ、"]
[null,"　　代表者印を押印すること。"]
[null,"様式３－１③"]
[null,null,null,null,null,null,null,null,null,null,null,null,null,"住所",null,null,{"$f":"IF('様式2-1～2-4'!$F$74=\"\",\"\",'様式2-1～2-4'!$F$74)","v":""}]
[null,null,null,null,null,null,null,null,null,null,null,null,null,"団体名",null,null,{"$f":"IF('様式2-1～2-4'!$F$71=\"\",\"\",'様式2-1～2-4'!$F$71)","v":""}]
[null,null,null,null,null,null,null,null,null,null,null,null,null,"代表者",null,null,{"$f":"IF('様式2-1～2-4'!$R$72=\"\",\"\",'様式2-1～2-4'!$R$72)","v":""},null,null,{"$f":"IF('様式2-1～2-4'!$V$72=\"\",\"\",'様式2-1～2-4'!$V$72)","v":""}]
[]
[null,"　　価格提案書（見積書）（１）こどもの居場所　宿泊体験型"]
[null,"１　収入の部",null,null,null,null,null,null,null,null,null,null,null,null,null,null,null,null,null,null,null,null,null,"単位　円"]
[null,null,"項目",null,null,null,null,"見積金額",null,null,null,null,null,null,"内訳（積算単価、数量等を具体的にご記入ください。）"]
[null,null,"本委託金"]
[]
[null,null,"うち消費税及び地方消費税（自動算出）",null,null,null,null,null,null,null,null,null,null,null,null,null,null,null,null,null,null,null,{"$f":"IF(H71=\"\",\"\",H71-(H71/1.1))","v":""},null,null,"円"]
[]
[null,"２　支出の部",null,null,null,null,null,null,null,null,null,null,null,null,null,null,null,null,null,null,null,null,null,"単位　円"]
[null,null,"項目",null,null,null,null,"金額",null,null,null,null,null,null,"内訳（積算単価、数量等を具体的にご記入ください。）"]
[null,null,"賃金"]
[]
[null,null,"報償費\n（謝礼金など）"]
[]
[null,null,"旅費"]
[]
[null,null,"需用費\n（食材費、消耗品費）"]
[]
[]
[]
[]
[null,null,"役務費\n（通信運搬費、保険料）"]
[]
[]
[]
[null,null,"使用料\n（建物リース料等）"]
[]
[null,null,"税込計（自動算出）",null,null,null,null,{"$f":"SUM(H77:N93)","v":0}]
[null,"＊支出額内訳書を作成し、内訳書から転記してください。"]
[null,"＊提出に当たっては、提出者の所在地、名称並びに代表者の役職名及び氏名を記載のうえ、"]
[null,"　　代表者印を押印すること。"]
[null,"様式３－１④"]
[null,null,null,null,null,null,null,null,null,null,null,null,null,"住所",null,null,{"$f":"IF('様式2-1～2-4'!$F$74=\"\",\"\",'様式2-1～2-4'!$F$74)","v":""}]
[null,null,null,null,null,null,null,null,null,null,null,null,null,"団体名",null,null,{"$f":"IF('様式2-1～2-4'!$F$71=\"\",\"\",'様式2-1～2-4'!$F$71)","v":""}]
[null,null,null,null,null,null,null,null,null,null,null,null,null,"代表者",null,null,{"$f":"IF('様式2-1～2-4'!$R$72=\"\",\"\",'様式2-1～2-4'!$R$72)","v":""},null,null,{"$f":"IF('様式2-1～2-4'!$V$72=\"\",\"\",'様式2-1～2-4'!$V$72)","v":""}]
[]
[null,"　　価格提案書（見積書）（１）こどもの居場所　朝食提供型"]
[null,"１　収入の部",null,null,null,null,null,null,null,null,null,null,null,null,null,null,null,null,null,null,null,null,null,"単位　円"]
[null,null,"項目",null,null,null,null,"見積金額",null,null,null,null,null,null,"内訳（積算単価、数量等を具体的にご記入ください。）"]
[null,null,"本委託金"]
[]
[null,null,"うち消費税及び地方消費税（自動算出）",null,null,null,null,null,null,null,null,null,null,null,null,null,null,null,null,null,null,null,{"$f":"IF(H106=\"\",\"\",H106-(H106/1.1))","v":""},null,null,"円"]
[]
[null,"２　支出の部",null,null,null,null,null,null,null,null,null,null,null,null,null,null,null,null,null,null,null,null,null,"単位　円"]
[null,null,"項目",null,null,null,null,"金額",null,null,null,null,null,null,"内訳（積算単価、数量等を具体的にご記入ください。）"]
[null,null,"賃金"]
[]
[null,null,"報償費\n（謝礼金など）"]
[]
[null,null,"旅費"]
[]
[null,null,"需用費\n（食材費、消耗品費）"]
[]
[]
[]
[]
[null,null,"役務費\n（通信運搬費、保険料）"]
[]
[]
[]
[null,null,"使用料\n（建物リース料等）"]
[]
[null,null,"税込計（自動算出）",null,null,null,null,{"$f":"SUM(H112:N128)","v":0}]
[null,"＊支出額内訳書を作成し、内訳書から転記してください。"]
[null,"＊提出に当たっては、提出者の所在地、名称並びに代表者の役職名及び氏名を記載のうえ、"]
[null,"　　代表者印を押印すること。"]
[null,"様式３－１⑤"]
[null,null,null,null,null,null,null,null,null,null,null,null,null,"住所",null,null,{"$f":"IF('様式2-1～2-4'!$F$74=\"\",\"\",'様式2-1～2-4'!$F$74)","v":""}]
[null,null,null,null,null,null,null,null,null,null,null,null,null,"団体名",null,null,{"$f":"IF('様式2-1～2-4'!$F$71=\"\",\"\",'様式2-1～2-4'!$F$71)","v":""}]
[null,null,null,null,null,null,null,null,null,null,null,null,null,"代表者",null,null,{"$f":"IF('様式2-1～2-4'!$R$72=\"\",\"\",'様式2-1～2-4'!$R$72)","v":""},null,null,{"$f":"IF('様式2-1～2-4'!$V$72=\"\",\"\",'様式2-1～2-4'!$V$72)","v":""}]
[]
[null,"　　価格提案書（見積書）（１）こどもの居場所　送迎型"]
[null,"１　収入の部",null,null,null,null,null,null,null,null,null,null,null,null,null,null,null,null,null,null,null,null,null,"単位　円"]
[null,null,"項目",null,null,null,null,"見積金額",null,null,null,null,null,null,"内訳（積算単価、数量等を具体的にご記入ください。）"]
[null,null,"本委託金"]
[]
[null,null,"うち消費税及び地方消費税（自動算出）",null,null,null,null,null,null,null,null,null,null,null,null,null,null,null,null,null,null,null,{"$f":"IF(H141=\"\",\"\",H141-(H141/1.1))","v":""},null,null,"円"]
[]
[null,"２　支出の部",null,null,null,null,null,null,null,null,null,null,null,null,null,null,null,null,null,null,null,null,null,"単位　円"]
[null,null,"項目",null,null,null,null,"金額",null,null,null,null,null,null,"内訳（積算単価、数量等を具体的にご記入ください。）"]
[null,null,"賃金"]
[]
[null,null,"報償費\n（謝礼金など）"]
[]
[null,null,"旅費"]
[]
[null,null,"需用費\n（燃料費）"]
[]
[]
[]
[]
[null,null,"役務費\n（保険料）"]
[]
[]
[]
[null,null,"使用料\n（リース料等）"]
[]
[null,null,"税込計（自動算出）",null,null,null,null,{"$f":"SUM(H147:N163)","v":0}]
[null,"＊支出額内訳書を作成し、内訳書から転記してください。"]
[null,"＊提出に当たっては、提出者の所在地、名称並びに代表者の役職名及び氏名を記載のうえ、"]
[null,"　　代表者印を押印すること。"]
[null,"様式３－２"]
[null,null,null,null,null,null,null,null,null,null,null,null,null,"住所",null,null,{"$f":"IF('様式2-1～2-4'!$F$74=\"\",\"\",'様式2-1～2-4'!$F$74)","v":""}]
[null,null,null,null,null,null,null,null,null,null,null,null,null,"団体名",null,null,{"$f":"IF('様式2-1～2-4'!$F$71=\"\",\"\",'様式2-1～2-4'!$F$71)","v":""}]
[null,null,null,null,null,null,null,null,null,null,null,null,null,"代表者",null,null,{"$f":"IF('様式2-1～2-4'!$R$72=\"\",\"\",'様式2-1～2-4'!$R$72)","v":""},null,null,{"$f":"IF('様式2-1～2-4'!$V$72=\"\",\"\",'様式2-1～2-4'!$V$72)","v":""}]
[]
[null,"　　価格提案書（見積書）（２）親の学び直し"]
[null,"１　収入の部",null,null,null,null,null,null,null,null,null,null,null,null,null,null,null,null,null,null,null,null,null,"単位　円"]
[null,null,"項目",null,null,null,null,"見積金額",null,null,null,null,null,null,"内訳（積算単価、数量等を具体的にご記入ください。）"]
[null,null,"本委託金"]
[]
[null,null,"うち消費税及び地方消費税（自動算出）",null,null,null,null,null,null,null,null,null,null,null,null,null,null,null,null,null,null,null,{"$f":"IF(H176=\"\",\"\",H176-(H176/1.1))","v":""},null,null,"円"]
[]
[null,"２　支出の部",null,null,null,null,null,null,null,null,null,null,null,null,null,null,null,null,null,null,null,null,null,"単位　円"]
[null,null,"項目",null,null,null,null,"金額",null,null,null,null,null,null,"内訳（積算単価、数量等を具体的にご記入ください。）"]
[null,null,"賃金"]
[]
[null,null,"報償費\n（謝礼金など）"]
[]
[null,null,"旅費"]
[]
[null,null,"需用費\n（食材費、消耗品費）"]
[]
[]
[]
[]
[null,null,"役務費\n（通信運搬費、保険料）"]
[]
[]
[]
[null,null,"使用料\n（建物リース料等）"]
[]
[null,null,"税込計（自動算出）",null,null,null,null,{"$f":"SUM(H182:N198)","v":0}]
[null,"＊支出額内訳書を作成し、内訳書から転記してください。"]
[null,"＊提出に当たっては、提出者の所在地、名称並びに代表者の役職名及び氏名を記載のうえ、"]
[null,"　　代表者印を押印すること。"]
[null,"様式３－３"]
[null,null,null,null,null,null,null,null,null,null,null,null,null,"住所",null,null,{"$f":"IF('様式2-1～2-4'!$F$74=\"\",\"\",'様式2-1～2-4'!$F$74)","v":""}]
[null,null,null,null,null,null,null,null,null,null,null,null,null,"団体名",null,null,{"$f":"IF('様式2-1～2-4'!$F$71=\"\",\"\",'様式2-1～2-4'!$F$71)","v":""}]
[null,null,null,null,null,null,null,null,null,null,null,null,null,"代表者",null,null,{"$f":"IF('様式2-1～2-4'!$R$72=\"\",\"\",'様式2-1～2-4'!$R$72)","v":""},null,null,{"$f":"IF('様式2-1～2-4'!$V$72=\"\",\"\",'様式2-1～2-4'!$V$72)","v":""}]
[]
[null,"　　価格提案書（見積書）（３）こどもの居場所開設準備"]
[null,"１　収入の部",null,null,null,null,null,null,null,null,null,null,null,null,null,null,null,null,null,null,null,null,null,"単位　円"]
[null,null,"項目",null,null,null,null,"見積金額",null,null,null,null,null,null,"内訳（積算単価、数量等を具体的にご記入ください。）"]
[null,null,"本委託金"]
[]
[null,null,"うち消費税及び地方消費税（自動算出）",null,null,null,null,null,null,null,null,null,null,null,null,null,null,null,null,null,null,null,{"$f":"IF(H211=\"\",\"\",H211-(H211/1.1))","v":""},null,null,"円"]
[]
[null,"２　支出の部",null,null,null,null,null,null,null,null,null,null,null,null,null,null,null,null,null,null,null,null,null,"単位　円"]
[null,null,"項目",null,null,null,null,"金額",null,null,null,null,null,null,"内訳（積算単価、数量等を具体的にご記入ください。）"]
[null,null,"建物改修費"]
[]
[]
[]
[]
[]
[]
[]
[]
[]
[null,null,"備品購入費"]
[]
[]
[]
[null,null,"礼金\n家賃（使用開始前１箇月分）"]
[]
[null,null,"税込計（自動算出）",null,null,null,null,{"$f":"SUM(H217:N232)","v":0}]
[null,"＊支出額内訳書を作成し、内訳書から転記してください。"]
[null,"＊提出に当たっては、提出者の所在地、名称並びに代表者の役職名及び氏名を記載のうえ、"]
[null,"　　代表者印を押印すること。"]
[null,"様式３－４"]
[null,null,null,null,null,null,null,null,null,null,null,null,null,"住所",null,null,{"$f":"IF('様式2-1～2-4'!$F$74=\"\",\"\",'様式2-1～2-4'!$F$74)","v":""}]
[null,null,null,null,null,null,null,null,null,null,null,null,null,"団体名",null,null,{"$f":"IF('様式2-1～2-4'!$F$71=\"\",\"\",'様式2-1～2-4'!$F$71)","v":""}]
[null,null,null,null,null,null,null,null,null,null,null,null,null,"代表者",null,null,{"$f":"IF('様式2-1～2-4'!$R$72=\"\",\"\",'様式2-1～2-4'!$R$72)","v":""},null,null,{"$f":"IF('様式2-1～2-4'!$V$72=\"\",\"\",'様式2-1～2-4'!$V$72)","v":""}]
[]
[null,"　　価格提案書（見積書）（４）地域支援拠点"]
[null,"１　収入の部",null,null,null,null,null,null,null,null,null,null,null,null,null,null,null,null,null,null,null,null,null,"単位　円"]
[null,null,"項目",null,null,null,null,"見積金額",null,null,null,null,null,null,"内訳（積算単価、数量等を具体的にご記入ください。）"]
[null,null,"本委託金"]
[]
[null,null,"うち消費税及び地方消費税（自動算出）",null,null,null,null,null,null,null,null,null,null,null,null,null,null,null,null,null,null,null,{"$f":"IF(H245=\"\",\"\",H245-(H245/1.1))","v":""},null,null,"円"]
[]
[null,"２　支出の部",null,null,null,null,null,null,null,null,null,null,null,null,null,null,null,null,null,null,null,null,null,"単位　円"]
[null,null,"項目",null,null,null,null,"金額",null,null,null,null,null,null,"内訳（積算単価、数量等を具体的にご記入ください。）"]
[null,null,"賃金"]
[]
[null,null,"報償費\n（謝礼金など）"]
[]
[null,null,"旅費"]
[]
[null,null,"需用費\n（食材費、消耗品費）"]
[]
[]
[]
[]
[null,null,"役務費\n（通信運搬費、保険料）"]
[]
[]
[]
[null,null,"使用料\n（建物リース料等）"]
[]
[null,null,"税込計（自動算出）",null,null,null,null,{"$f":"SUM(H251:N267)","v":0}]
[null,"＊支出額内訳書を作成し、内訳書から転記してください。"]
[null,"＊提出に当たっては、提出者の所在地、名称並びに代表者の役職名及び氏名を記載のうえ、"]
[null,"　　代表者印を押印すること。"]

{"sheet":"様式２－９","index":7,"n_rows":28,"n_cols":7,"rows_kept":28,"cut":false,"hidden":false,"merged":[[2,1,2,6],[13,1,13,6],[14,1,14,3],[14,4,14,6],[9,2,11,2],[6,1,6,3],[8,1,11,1],[7,2,7,3],[5,1,5,6],[6,4,6,6],[7,4,7,6],[8,4,8,6],[9,4,9,6],[10,4,10,6],[16,4,16,6],[15,2,15,3],[16,2,16,3],[15,4,15,6],[11,4,11,6],[23,2,23,3],[23,4,23,6],[21,4,21,6],[21,2,21,3],[18,1,18,6],[19,1,19,3],[19,4,19,6],[20,2,20,3],[20,4,20,6],[22,2,22,3],[22,4,22,6],[25,1,25,6],[26,1,26,3],[26,4,26,6],[27,4,27,6],[27,1,27,3]]}
[null,"様式２－９"]
[]
[null,{"$f":"\"令和\"&様式１!AD2&\"年度きょうとこどもの城づくり事業（ひとり親家庭のこどもの居場所づくり事業）実施に係る運営業務の委託に関する実施計画書（４）地域支援拠点型\"","v":"令和４年度きょうとこどもの城づくり事業（ひとり親家庭のこどもの居場所づくり事業）実施に係る運営業務の委託に関する実施計画書（４）地域支援拠点型"}]
[]
[null,null,null,null,"団体名（",{"$f":"IF('様式2-1～2-4'!$F$71=\"\",\"\",'様式2-1～2-4'!$F$71)","v":""},"）"]
[null,"（１）情報の発信"]
[null,"区分",null,null,"実施内容"]
[null,"ア","ホームページの記載\n内容"]
[null,"イ","広報紙の作成内容"]
[null,null,"広報紙の配布先","㋐こどもの居場所づくり事業"]
[null,null,null,"㋑子ども食堂関係"]
[null,null,null,"㋒子どもの未来づくりサポーター活動関係"]
[]
[null,"（２）市町村や関係機関・団体との連携"]
[null,"区分",null,null,"実施内容"]
[null,"ア","学校関係者、市町村社会福祉協議会、民生児童委員、地域で関心のある方等を対象とした交流会等"]
[null,"イ","域内で京都府や市町村が実施する子どもの貧困対策に係る事業やきょうとこどもの城づくり・地域ネットワーク会議への参加"]
[]
[null,"（３）子ども食堂等（居場所、子ども食堂、サポーター活動）の新規開拓や開設・運営支援"]
[null,"区分",null,null,"実施内容"]
[null,"ア","新たに子ども食堂等を始めようとする方からの相談受付"]
[null,"イ","推進員のアウトリーチによる開設準備支援"]
[null,"ウ","新たに子ども食堂等を始めようとする方を対象とした研修"]
[null,"エ","既設の子ども食堂等の支援員のスキルアップのための研修"]
[]
[null,"（４）他の子ども食堂等の支援員の派遣受入れ"]
[null,"区分",null,null,"実施内容"]
[null,"他の子ども食堂等から希望による支援員等の派遣受入れ"]

{"sheet":"様式４","index":8,"n_rows":57,"n_cols":26,"rows_kept":57,"cut":false,"hidden":false,"merged":[[43,13,43,24],[44,13,44,24],[47,13,47,24],[48,13,48,24],[49,13,49,24],[1,13,1,15],[1,16,1,25],[5,1,5,25],[7,7,7,13],[7,14,7,26],[42,13,42,24],[40,8,40,26],[38,7,38,13],[38,14,38,26],[3,16,3,25],[32,13,32,15],[32,16,32,25],[34,16,34,25],[36,1,36,25]]}
[null,"様式４－１"]
[]
[]
[null,null,null,null,null,null,null,null,null,null,null,null,null,null,null,null,{"$f":"\"令和\"&様式１!AD2&\"年　　月　　　日\"","v":"令和４年　　月　　　日"}]
[]
[null,"誓約書"]
[]
[]
[null,null,"京都府知事　西脇　隆俊　様"]
[null,null,null,null,null,null,null,null,null,null,null,null,"（提案者）"]
[null,null,null,null,null,null,null,null,null,null,null,null,"住所又は所在地"]
[null,null,null,null,null,null,null,null,null,null,null,null,"団 　　　体　　 　名"]
[null,null,null,null,null,null,null,null,null,null,null,null,"代表者の職・氏名",null,null,null,null,null,null,null,null,null,null,null,"㊞"]
[]
[null,null,{"$f":"\"　私は、令和\"&様式１!AD2&\"年度きょうとこどもの城づくり事業（ひとり親家庭のこどもの居場所づくり事業）\"","v":"　私は、令和４年度きょうとこどもの城づくり事業（ひとり親家庭のこどもの居場所づくり事業）"}]
[null,null,{"$f":"\"実施に係る運営業務の委託に関する企画提案書等の提出に当たり「令和\"&様式１!AD2&\"年度きょうとこども\"","v":"実施に係る運営業務の委託に関する企画提案書等の提出に当たり「令和４年度きょうとこども"}]
[null,null,"の城づくり事業（ひとり親家庭のこどもの居場所づくり事業）実施に係る運営業務企画提案募"]
[null,null,"集要領」に規定する「参加資格」を全て満たしていることを誓約します。"]
[]
[]
[]
[]
[]
[]
[]
[]
[]
[]
[]
[]
[]
[null,"様式４－２"]
[]
[]
[null,null,null,null,null,null,null,null,null,null,null,null,null,null,null,null,{"$f":"\"令和\"&様式１!AD2&\"年　　月　　　日\"","v":"令和４年　　月　　　日"}]
[]
[null,"誓約書"]
[]
[]
[null,null,"京都府知事　西脇　隆俊　様"]
[null,null,null,null,null,null,null,null,{"$f":"\"令和\"&様式１!AD2&\"年度きょうとこどもの城づくり事業（ひとり親家庭のこどもの居場所づくり事業）共同事業体（仮称）\"","v":"令和４年度きょうとこどもの城づくり事業（ひとり親家庭のこどもの居場所づくり事業）共同事業体（仮称）"}]
[null,null,null,null,null,null,null,null,"（代表団体）"]
[null,null,null,null,null,null,null,null,"　住所又は所在地"]
[null,null,null,null,null,null,null,null,"　団　体　名　"]
[null,null,null,null,null,null,null,null,"　代表者の職・氏名",null,null,null,null,null,null,null,null,null,null,null,null,null,null,null,null,"㊞"]
[]
[null,null,null,null,null,null,null,null,"（構成団体）"]
[null,null,null,null,null,null,null,null,"　住所又は所在地"]
[null,null,null,null,null,null,null,null,"　団　体　名　"]
[null,null,null,null,null,null,null,null,"　代表者の職・氏名",null,null,null,null,null,null,null,null,null,null,null,null,null,null,null,null,"㊞"]
[]
[]
[]
[null,null,{"$f":"\"　私は、令和\"&様式１!AD2&\"年度きょうとこどもの城づくり事業（ひとり親家庭のこどもの居場所づくり事業）\"","v":"　私は、令和４年度きょうとこどもの城づくり事業（ひとり親家庭のこどもの居場所づくり事業）"}]
[null,null,{"$f":"\"実施に係る運営業務の委託に関する企画提案書等の提出に当たり「令和\"&様式１!AD2&\"年度きょうとこども\"","v":"実施に係る運営業務の委託に関する企画提案書等の提出に当たり「令和４年度きょうとこども"}]
[null,null,"の城づくり事業（ひとり親家庭のこどもの居場所づくり事業）実施に係る運営業務企画提案募"]
[null,null,"集要領」に規定する「参加資格」を全て満たしていることを誓約します。"]

{"sheet":"様式５－１","index":9,"n_rows":31,"n_cols":9,"rows_kept":31,"cut":false,"hidden":false,"merged":[[1,0,1,2],[2,0,2,2],[5,0,5,8],[7,1,10,3],[7,8,8,8],[2,3,2,5],[3,0,3,6],[1,7,1,8],[2,7,2,8],[10,5,10,7],[8,5,8,7],[3,7,3,8],[1,3,1,5],[6,0,6,8],[4,0,4,8],[28,2,28,7],[30,2,30,8],[18,7,18,8],[20,2,20,4],[20,5,20,8],[29,2,29,8],[27,0,27,8],[26,0,26,1],[23,0,23,1],[20,0,20,1],[26,5,26,7],[23,2,23,4],[26,2,26,4],[18,0,18,1],[23,5,23,8],[18,2,18,5],[12,1,12,3],[12,5,12,8],[11,5,11,8],[14,2,14,8],[7,5,7,7],[9,8,10,8],[9,5,9,7],[11,1,11,3],[13,0,13,8],[14,0,14,1],[25,5,25,7],[15,0,15,8],[17,0,17,8],[19,0,19,8],[21,0,21,8],[24,0,24,8],[16,2,16,8],[16,0,16,1],[22,5,22,8]]}
["様式５"]
["受付年月日",null,null,"令和　　年　　月　　日　",null,null,null,"京都府収入証紙貼付欄"]
["証明番号",null,null,"第号",null,null,null,"（ここに４００円分を貼ってください）"]
[]
[]
["納  税  証  明  書  交  付  請  求  書"]
[]
[null,"使用目的",null,null,null,null,null,null,"証明書請求枚数"]
[null,null,null,null,null,"　随意契約締結に係る資格審査のため"]
[null,null,null,null,null,null,null,null,"１枚"]
[]
[null,"提出先",null,null,null,"　京都府知事"]
[null,"証明事項",null,null,null,"　京都府税（個人府民税を除く。）について滞納がないこと。"]
[]
[null,null,"　上記の事項を証明してください。"]
[]
[null,null,"　　　　　　　　　　　　　　　　　　　　　　　　　　　　　　　　　　　　　令和　　年　　月　　日"]
[]
[null,null,null,null,null,null,"　　様"]
[]
[null,null,"所在地又は住所"]
[]
[]
[null,null,"商号又は名称"]
[]
[]
[null,null,"代表者の職・氏名",null,null,null,null,null,"印"]
[]
[null,null,"  請求者が納税者等でないときは、納税者等の委任状を必ず添付してください。"]
[null,null,"　なお、納税者が法人の場合で、支店長・営業所長等が請求者の場合は、委任状は必要ありません。"]
[null,null,"　交付手数料（証明書１枚ごとに４００円）が必要です。"]

{"sheet":"様式５－２","index":10,"n_rows":27,"n_cols":10,"rows_kept":27,"cut":false,"hidden":false,"merged":[[5,6,6,9],[7,6,8,9],[5,0,10,1],[5,3,5,4],[7,3,7,4],[10,3,10,4],[6,3,6,4],[8,3,8,4],[9,3,9,4],[9,6,10,9],[11,1,14,4],[11,0,14,0],[11,5,14,5],[14,6,14,9],[13,6,13,9],[26,3,26,8],[12,6,12,9],[15,1,15,4],[16,6,16,9],[25,0,25,9],[23,0,23,8],[20,0,20,2],[18,3,18,9],[20,3,20,9],[19,0,19,9],[17,0,17,9],[21,0,21,9],[22,0,22,9],[18,0,18,2],[16,1,16,4],[15,6,15,9],[0,7,0,9],[1,0,1,9],[2,0,2,9],[4,0,4,9],[0,0,0,3],[0,4,0,6],[3,0,3,9]]}
["証明番号",null,null,null,"第号"]
[]
[]
["府　税　納　税　証　明　書"]
[]
["※納税者等",null,null,"本店所在地"]
[null,null,null,"又は住所"]
[null,null,null,"商号"]
[null,null,null,"又は名称"]
[null,null,null,"代表者の"]
[null,null,null,"職・氏名"]
[null,"使用目的"]
[null,null,null,null,null,null,"　随意契約締結に係る資格審査のため"]
[]
[]
[null,"証明事項",null,null,null,null,"　京都府税（個人府民税を除く。）について滞納がないこと"]
[null,"備考"]
[]
[null,null,null,"　上記のとおり相違ないことを証明します。"]
[]
[null,null,null,"　　　　　　　　　　　　　　　　　　　　　　　令和　　年　　月　　日"]
[]
[]
[null,null,null,null,null,null,null,null,null,"印"]
[]
[]
[null,null,null,"※印欄は、請求者において記入してください。"]